EPIC: The Musical - Random Line to Song - Statistics

General Stats
  • This quiz has been taken 545 times
    487 since last reset
  • The average score is 15 of 20
Answer Stats
Line Song % Correct
You must be who Hermes mentioned Charybdis
100%
A monster here to block my way Charybdis
100%
I'd like to hurry up and end this Charybdis
100%
I'm not dying here, I'm still fighting here Charybdis
100%
I'm holding on Charybdis
100%
I already know your tactics, when you swallow, you attack with Charybdis
100%
Whirlpools that attract prey, but I see a disadvantage Charybdis
100%
Cause I don't even have to kill you, I just have to avoid you Charybdis
100%
Home, I've reached it Charybdis
100%
Penelope Charybdis | The Horse and the Infant | Monster | Suffering | Would You Fall In Love With Me Again
100%
Six hundred deaths under my command Dangerous
100%
No fleet, no band Dangerous
100%
How will I reach my homeland? Dangerous
100%
Ha-ha-ha-ha! Hello, old friend Dangerous
100%
So you're the one who talked to Calypso Dangerous
100%
Why are you here? Dangerous
100%
Wash it away like the blood your hands have known Dangerous
100%
Then I know, I know, you'll enhance your state Dangerous
100%
You wanna get home? Put it all on the line Dangerous
100%
You gotta treat it like it is the main event Dangerous
100%
You wanna get home? Put it all on the line, be dangerous Dangerous
100%
Alright, I'm in, what do I do? Dangerous
100%
When danger greets you with a smile Dangerous
100%
But no matter what, keep moving Dangerous
100%
You'll need a mindset change for this Dangerous
100%
You wanna get home? Put it all on the line Dangerous
100%
You wanna get home? Put it all on the line, be dangerous Dangerous
100%
And lastly, the wind bag Dangerous
100%
We went through so much to get this Dangerous
100%
I cannot tell you how much I have paid for this Dangerous
100%
I'm gonna use ruthlessness Dangerous
100%
Every trick, every skill put to use for this Dangerous
100%
I have to get home, put it all on the line, I'll be dangerous Dangerous
100%
Don't thank me friend Dangerous
100%
All you have to do is not open this bag Dangerous | Keep Your Friends Close
100%
Hermes? Dangerous | Wouldn't You Like
100%
Hermes Dangerous | Wouldn't You Like
100%
Let's cut the charade, you are no wife of mine Different Beast
100%
I know underwater, there are packs of you hiding Different Beast
100%
My real wife knows I'm not scared of the water Different Beast
100%
But while you were so focused on turning my men into snacks Different Beast
100%
We are the man-made monsters, we are the ones who conquer Different Beast
100%
While on the run from Poseidon, we found a ship with no crew Different Beast
100%
We filled our ears with beeswax, that's how we resist your song Different Beast
100%
You pretended to be my wife, so I just played along Different Beast
100%
Sirens know about every route and horizon Different Beast
100%
We are the man-made monsters, we are the ones who conquer Different Beast
100%
Spare us Different Beast
100%
So you can kill the next group of sailors in this part of the sea Different Beast
100%
Cut off their tails! We're ending this now Different Beast
100%
Throw their bodies back in the water Different Beast
100%
Let them drown (no) Different Beast
100%
He is a different beast now, he is the one who feasts now Different Beast
100%
You are a threat no longer, he won't take more suffering from you Different Beast
100%
Kill them all Different Beast
100%
Kill 'em all Different Beast
100%
Odysseus Different Beast | Remember Them | God Games
100%
Lady of the palace, sorry that I ask this Done For
100%
But I hope that I've been misinformed Done For
100%
I sent out some scouts to take a look around through here Done For
100%
Through the years, we seldom get a warm welcome Done For
100%
So I must ask just to be sure Done For
100%
All I did was reveal their true forms Done For
100%
You turned them into pigs Done For
100%
But let me make this one thing clear Done For
100%
I've got people to protect Done For
100%
If you make one wrong move, then you're done for Done For
100%
You will fail at placing any spells on me Done For
100%
You must be a liar Done For
100%
Mortals can't acquire Done For
100%
Moly without dire consequences Done For
100%
Then I must be a god like you Done For
100%
Our fates are intertwined, they're attached Done For
100%
I've got people to protect Done For
100%
I will be the one to prove that you're done for Done For
100%
Not even a spell saves you, cause you're done for Done For
100%
Oh, you better run, or soon you will be done for Done For
100%
The last time we let strangers live Done For
100%
You've given me no reason to bestow you with my trust Done For
100%
But everyone's true colors are revealed in acts of lust Done For
100%
Six hundred men, under my command Full Speed Ahead
100%
With only one goal in mind Full Speed Ahead
100%
Six hundred miles of open sea Full Speed Ahead
100%
But the problem's not the distance Full Speed Ahead
100%
(It's what lies in between) Full Speed Ahead
100%
My kingdom is waiting (the kingdom is waiting) Full Speed Ahead
100%
So full speed ahead Full Speed Ahead
100%
Six hundred men, with big mouths to feed Full Speed Ahead
100%
And we've run out of supplies to eat Full Speed Ahead
100%
They will lead us to land (they will lead us to land) Full Speed Ahead
100%
There we'll hunt for food Full Speed Ahead
100%
My second-in-command (second in command) Full Speed Ahead
100%
We're up, we're off, and away we go Full Speed Ahead
100%
(We're up, we're off, and away we go) Full Speed Ahead
100%
(We're up, we're off, and away we go) Full Speed Ahead
100%
Look! There in the distance Full Speed Ahead
100%
Maybe they're people, lighting a fire Full Speed Ahead
100%
I say we strike first Full Speed Ahead
100%
You and I'll go ahead (you and I'll go ahead) Full Speed Ahead
100%
Give me 'til sunrise Full Speed Ahead
100%
And If we don't return Full Speed Ahead
100%
Then six hundred men can make this whole place burn Full Speed Ahead
100%
Now full speed ahead Full Speed Ahead
100%
(Full speed ahead) Full Speed Ahead
100%
(We're up, we're off, and away we go) Full Speed Ahead
100%
(We're up, we're off, and away we go) Full Speed Ahead
100%
Six hundred men Full Speed Ahead | Dangerous
100%
Six hundred men Full Speed Ahead | Dangerous
100%
Captain! Full Speed Ahead | Polyphemus | Survive | Remember Them
100%
Captain! Full Speed Ahead | Polyphemus | Survive | Remember Them
100%
Full speed ahead Full Speed Ahead | Storm | Scylla | Mutiny
100%
Full speed ahead Full Speed Ahead | Storm | Scylla | Mutiny
100%
There you are, coward Get in the Water
100%
I've been waitin' for this moment, for the perfect time to strike Get in the Water
100%
That's when our paths collide Get in the Water
100%
So I can't go letting you walk or else the world forgets I'm cold Get in the Water
100%
Now get in the water Get in the Water
100%
Or I'll raise the tide so high Get in the Water
100%
All of Ithaca will die Get in the Water
100%
Get in the water (wait) Get in the Water
100%
Get in the water (stop this, please) Get in the Water
100%
I'll make tidal waves so profound Get in the Water
100%
Both your wife and your son will drown (no) Get in the Water
100%
Get in the water Get in the Water
100%
Get in the water Get in the Water
100%
Don't mistake my threats for bluff Get in the Water
100%
Get in the water Get in the Water
100%
I'll take your son and gouge his eyes Get in the Water
100%
Get in the water Get in the Water
100%
I can't Get in the Water | Mutiny
100%
You can relax, my friend Get in the Water | Open Arms
100%
Ruthlessness is mercy upon ourselves Get in the Water | Ruthlessness | Love in Paradise
100%
Father, God King God Games
100%
Rarely do I ask for favors God Games
100%
With hopes to save a friendship with one who's a prisoner far from home God Games
100%
To untie apprehensions that were placed on that Greek? God Games
100%
You are playing with thunder, for a man full of shame God Games
100%
But if he's worth the risk of going under, why not make it a game? God Games
100%
Convince each of them that he ought to be released God Games
100%
And I'll release him God Games
100%
Who's them? God Games
100%
Apollo God Games
100%
Hephaestus God Games
100%
Ares, Hera, or me God Games
100%
Groovy God Games
100%
Apollo! God Games
100%
You all know I'm a fan of catchy songs God Games
100%
They were trying to do him worse God Games
100%
All he did was reimburse them God Games
100%
To live another day and sing another verse God Games
100%
If that's true, release him God Games
100%
Hephaestus! God Games
100%
Trust is not given, it's forged God Games
100%
Why should I give him my support? God Games
100%
He sacrificed his own cohort God Games
100%
Did you forget they failed to listen? God Games
100%
He was betrayed and then imprisoned God Games
100%
But if you make the right decision God Games
100%
He can still build a future with those who miss him God Games
100%
Aphrodite! God Games
100%
Your little high and mighty Odysseus God Games
100%
Claims to love his mother but let her die of a broken heart God Games
100%
More like busy spiting the cyclops God Games
100%
Let him feel the pain that his mother felt and rot God Games
100%
Really Athena? These old tricks? God Games
100%
Ares! God Games
100%
Ares, Ares God Games
100%
What kind of sick coward holds back his power God Games
100%
He didn't even fight Scylla, didn't even try to kill her! God Games
100%
Pathetic and weak like his son! God Games
100%
Hold your tongue now, his son's my friend God Games
100%
And tell your lover that a broken heart can mend God Games
100%
Then set him free to get back to his homestead God Games
100%
He'll make everybody bleed God Games
100%
Ugh, release him God Games
100%
Hey, baby God Games
100%
Hera! God Games
100%
So many heroes, so many tales God Games
100%
He's got the mind of a genius (try harder) God Games
100%
Never once has he cheated on his wife God Games
100%
Release him God Games
100%
I've played your game and won God Games
100%
You dare to defy me? God Games
100%
No one beats me, no one wins my game! God Games
100%
Is she dead? God Games
100%
Let him go, please God Games
100%
Let him go God Games
100%
Thunder, bring her through the wringer God Games | Thunder Bringer
100%
Show her I'm the judgement call God Games | Thunder Bringer
100%
The one who makes her kingdom fall God Games | Thunder Bringer
100%
Penelope as his queen Hold Them Down
100%
Where is he? Where is the man who can string this bow? Oh-whoa Hold Them Down
100%
Screw this competition, we've been here for hours Hold Them Down
100%
Screw this damn challenge, no more delays Hold Them Down
100%
This is how they hold us down while the throne gets colder Hold Them Down
100%
Here and now, burn it down to ashes Hold Them Down
100%
Channel the fire inside your soul Hold Them Down
100%
Don't you know the prince is not around? Hold Them Down
100%
And I heard today he comes back to town, so Hold Them Down
100%
Then, when he docks his ship, we can breach it Hold Them Down
100%
Hold him down til the boy stops shakin' Hold Them Down
100%
Hold him down while I slit his throat Hold Them Down
100%
Throw him down in the great below Hold Them Down
100%
When the crown wonders where the prince is Hold Them Down
100%
And when the deed is done Hold Them Down
100%
Hold her down while I get a taste Hold Them Down
100%
Hold her down while we share her spoils Hold Them Down
100%
Here and now, there's a chance for action (chance for action) Hold Them Down
100%
Here and now, burn it down to ashes Hold Them Down
100%
Channel the fire inside your soul and Hold Them Down
100%
Hold 'em down, hold 'em down (hold 'em down, oh) Hold Them Down
100%
Hold 'em down, hold 'em down Hold Them Down
100%
Hold 'em down, hold 'em down (hold 'em down) Hold Them Down
100%
Channel the fire inside your soul, and (Hold 'em down, hold 'em down) Hold Them Down
100%
And shoot through twelve axes cleanly Hold Them Down | The Challenge
100%
Will be the new king, sit down at the throne Hold Them Down | The Challenge
100%
Thought about your name so much, it hurts I Can't Help But Wonder
100%
Oh, and now you're here, I can't find the words I Can't Help But Wonder
100%
All my life, I'd have died to know you I Can't Help But Wonder
100%
If we're like each other, If I have your strength in me I Can't Help But Wonder
100%
Oh, my son, look how much you've grown I Can't Help But Wonder
100%
How time has flown, oh I Can't Help But Wonder
100%
Oh, how time has flown I Can't Help But Wonder
100%
I can only wonder what your world has been I Can't Help But Wonder
100%
Things you've had to suffer, and the strength you hold within I Can't Help But Wonder
100%
Telemachus, I'm home (home) I Can't Help But Wonder
100%
Go, tell your mother I'm home I Can't Help But Wonder
100%
I know you're watching me, show yourself I Can't Help But Wonder
100%
You were never one for hellos I Can't Help But Wonder
100%
I can't help but wonder what this world could be I Can't Help But Wonder
100%
What if there's a world where we don't have to live this way? I Can't Help But Wonder
100%
Father? She's waiting for you I Can't Help But Wonder
100%
Show yourself I Can't Help But Wonder | Warrior of the Mind
100%
I look into your eyes and I think back to the son of mine? Just a Man
100%
You're as old as he was when I left for war Just a Man
100%
Will these actions haunt my days? Every man I've slain? Just a Man
100%
Is the price I pay endless pain? Just a Man
100%
I'm just a man who's trying to go home Just a Man
100%
I'm just a man who's fighting for his life Just a Man
100%
But when does the comet become a meteor? Just a Man
100%
When does a candle become a blaze? Just a Man
100%
When does the reason become the blame? Just a Man
100%
When does a man become a monster? Just a Man
100%
(When does a man become a monster?) Forgive me Just a Man
100%
(When does a man become a monster?) Forgive me Just a Man
100%
When does a man become a monster? Just a Man | Ruthlessness | The Underworld | Thunder Bringer
100%
When does a ripple become a tidal wave? Just a Man | Ruthlessness | Thunder Bringer
100%
Great wind God, Aeolus, I don't know if you know this Keep Your Friends Close
100%
I ask for your assistance, so we at last can go the distance Keep Your Friends Close
100%
Can you cast the perfect winds for us and aid our journey home? Keep Your Friends Close
100%
Ha-ha-ha, I am the wind, twisting and turning Keep Your Friends Close
100%
I give the fire enough to stay burning Keep Your Friends Close
100%
That's what I'm serving, and if you win, you will get what you're yearning (deal) Keep Your Friends Close
100%
Take a look right here at this bag Keep Your Friends Close
100%
Ha-ha-ha, keep your friends close and your enemies closer Keep Your Friends Close
100%
(Never really know who you can trust) Keep Your Friends Close
100%
(Sometimes killing is a must) what? Keep Your Friends Close
100%
Cause the end always justifies the means Keep Your Friends Close
100%
Never really know who you can trust, never really know who you can trust Keep Your Friends Close
100%
Captain, what's happenin'? What's trapped in that bag? Keep Your Friends Close
100%
Somethin' dangerous, friends, we mustn't lag Keep Your Friends Close
100%
It's treasure (what?) Bye-bye Keep Your Friends Close
100%
Open the bag (let's see what you got) Keep Your Friends Close
100%
We cannot let the treasure rumor fly (we'll try) Keep Your Friends Close
100%
Never really know who you can trust (never really know who you can trust) Keep Your Friends Close
100%
Now they wanna get the bag open so they can have closure Keep Your Friends Close
100%
Sometimes sneaking is a must (Sometimes sneaking is a must) Keep Your Friends Close
100%
Never really know who you can trust (never really know who you can trust) Keep Your Friends Close
100%
(Penelope) I can't wait to make some new memories Keep Your Friends Close
100%
Just keep your eyes open Keep Your Friends Close
100%
Just keep your eyes open Keep Your Friends Close
100%
Just keep your eyes open, keep your eyes open Keep Your Friends Close
100%
Wake up, Odysseus, they're opening the bag, wake up Keep Your Friends Close
100%
Storm, full speed ahead Keep Your Friends Close
100%
Where's the storm taking us? Keep Your Friends Close
100%
I said to keep the bag closed, but you weren't compliant Keep Your Friends Close
100%
If I had to guess? You're heading to the land of the giants Keep Your Friends Close
100%
Help me close the bag (but sir, it's too late) Keep Your Friends Close
100%
Do you know who I am? Keep Your Friends Close
100%
All you have to do is not open this bag Keep Your Friends Close | Dangerous
100%
Keep your friends close and your enemies closer Keep Your Friends Close | Love in Paradise
100%
Keep your friends close and your enemies closer Keep Your Friends Close | Love in Paradise
100%
Storm, storm Keep Your Friends Close | Storm
100%
It's just me, myself, and I Legendary
100%
Stuck in my bedroom, living in this world you left behind Legendary
100%
Cause I'm stuck with your stories but no clue who you are Legendary
100%
And no idea if you're dead or just too far Legendary
100%
Somebody tell me, come and give me a sign Legendary
100%
If I fight these monsters, is it you I'll find? Legendary
100%
Give me Sirens and a Cyclops Legendary
100%
I'll fight the harpies and chimeras, the Minotaur, even Cerberus Legendary
100%
There are strangers in our halls Legendary
100%
Trying to win the heart of my mom, but she is standing tall Legendary
100%
108 old faces of men who call me small Legendary
100%
And I would fight them if I was half as strong as you Legendary
100%
Somebody help me, come and give me the strength Legendary
100%
Give me Giants and a Hydra Legendary
100%
I know life and fate are scary, but I wanna be legendary Legendary
100%
I know life and fate are scary, but I wanna be legendary! Legendary
100%
Cause it's been 20 years (20 years) Legendary
100%
And I'll overcome these obstacles and scrutiny and- Legendary
100%
When's your tramp of a mother gonna choose a new husband? Legendary
100%
(Oh-oh) Legendary
100%
Don't you dare call my mother a tramp! Legendary
100%
If I fight this monster, is it you I'll find? Legendary
100%
Fight, little wolf, fight Little Wolf
100%
Bite, little wolf, bite Little Wolf
100%
Strike, little wolf, strike Little Wolf
100%
You'll have run out of bones to break when you and I are through Little Wolf
100%
Fight, little wolf, fight Little Wolf
100%
Wanna entertain me? Little Wolf
100%
Bite, little wolf, bite Little Wolf
100%
Let's see how you take this Little Wolf
100%
Strike, little wolf, strike Little Wolf
100%
Wanna be a man? Then Little Wolf
100%
Don't you know it's fight or Little Wolf
100%
Try, little wolf, try Little Wolf
100%
Need some help? Little Wolf
100%
Is your plan to stand around? Little Wolf
100%
Is time now moving slow? Little Wolf
100%
No, I just made your thoughts quick Little Wolf
100%
Whoa, that is so sick! Little Wolf
100%
Alright now, let's try this again Little Wolf
100%
I've no respect for bullies, those who impose their will Little Wolf
100%
I've seen plenty enough to truly understand this kind of filth Little Wolf
100%
One young wolf has a larger heart than all these men combined Little Wolf
100%
Bite, little wolf, bite Little Wolf
100%
Take advantage now and Little Wolf
100%
Strike, little wolf, strike Little Wolf
100%
Fight, little wolf, fight, little wolf, fight Little Wolf
100%
Fight, little wolf, fight Little Wolf
100%
Wanna entertain us? (Oh, oh-oh) Little Wolf
100%
Bite, little wolf, bite Little Wolf
100%
Strike, little wolf, strike (strike!) Little Wolf
100%
Fight, little wolf, fight, little wolf, fight (fight!) Little Wolf
100%
If she won't choose a man to adorn her, we'll bring blood and tears Little Wolf
100%
Tell me, Athena, why you came to my aid Little Wolf
100%
Let's see where you've been Love in Paradise
100%
One wrong move and you're done for, anything I Love in Paradise
100%
Odysseus, where did you go? Love in Paradise
100%
Morning sleepyhead, you've been resting for a while Love in Paradise
100%
Anyways, I've got all you could want here, all you could need here Love in Paradise
100%
Just you and me, my dear, my love for life Love in Paradise
100%
I'm not your man Love in Paradise
100%
Just you and me, my love in paradise Love in Paradise
100%
Now til the end of time Love in Paradise
100%
Hell no, I could kill you where you stand Love in Paradise
100%
I'm no pet, I'm a married man Love in Paradise
100%
But last I checked, goddesses can't die Love in Paradise
100%
Goddess? Love in Paradise
100%
Under my spell, we're stuck in paradise Love in Paradise
100%
I don't belong here there's something wrong here Love in Paradise
100%
I won't be drawn to love in paradise Love in Paradise
100%
You're mine, all mine Love in Paradise
100%
Seven years she's kept you trapped out of your control Love in Paradise
100%
All I hear are screams Love in Paradise
100%
Ody, get away from the ledge Love in Paradise
100%
You don't know what I've gone through! Love in Paradise
100%
Every comrade I long knew Love in Paradise
100%
Every friend, I saw them die Love in Paradise
100%
It will be fine, dear, come back inside, dear Love in Paradise
100%
Love of my life, come back to paradise (let me close my eyes) Love in Paradise
100%
I love you my dear, I love our time here Love in Paradise
100%
Life would be so much worse if you had died (just let me close my eyes) Love in Paradise
100%
Keep your friends close and your enemies closer Love in Paradise | Keep Your Friends Close
100%
I am the infamous Love in Paradise | Remember Them
100%
Remember me Love in Paradise | Remember Them | Ruthlessness
100%
Ruthlessness is mercy upon ourselves Love in Paradise | Ruthlessness | Get in the Water
100%
Captain? Love in Paradise | Survive | Mutiny | Thunder Bringer
100%
But we'll die Love in Paradise | Thunder Bringer
100%
This proves they're true Luck Runs Out
100%
We're in the home of the wind god Luck Runs Out
100%
You could be caught off guard and lose your life Luck Runs Out
100%
Yes, but how much longer 'til your luck runs out? Luck Runs Out
100%
I still believe in goodness Luck Runs Out
100%
I still believe that we could be kind Luck Runs Out
100%
And what will we do when it tears us apart? Luck Runs Out
100%
I just don't wanna see another life end Luck Runs Out
100%
And suddenly, you doubt that I could figure this out? Luck Runs Out
100%
Captain, how much longer 'til your luck runs out? Luck Runs Out
100%
How much longer 'til the show goes south? Luck Runs Out
100%
You rely on wit, and people die on it, whoa Luck Runs Out
100%
You rely on wit, and people die on it, whoa Luck Runs Out
100%
But don't forget how much we've already faced Luck Runs Out
100%
I took 600 men to war and not one of them died there Luck Runs Out
100%
If you'd like to speak more, let me pull you aside then Luck Runs Out
100%
I need to talk to you in private Luck Runs Out
100%
I can't have you planting seeds of doubt Luck Runs Out
100%
I can't have you disagreeing each route Luck Runs Out
100%
I need you to always be devout and comply with this Luck Runs Out
100%
Okay? Luck Runs Out
100%
I'm surrounded by the souls of those I've lost Monster
100%
Is me? Monster
100%
What if I've been far too kind to foes, but a monster to ourselves? Monster
100%
What if I'm the monster? Monster
100%
Is the cyclops struck with guilt when he kills? Monster
100%
Or does he end my men to avenge his friend Monster
100%
Or did she learn to be colder when she got older and now she saves them the pain? Monster
100%
Is he scared that he's doing something wrong? Monster
100%
Or does he keep us in check so we must respect him Monster
100%
And now no one dares to piss him off? Monster
100%
Does a soldier use a wooden horse to kill sleeping Trojans cause he is vile? Monster
100%
Or does he throw away his remorse and save more lives with guile? Monster
100%
Would that make us stronger? Would it keep our foes at bay? Monster
100%
If I became the monster to everyone but us Monster
100%
And made sure we got home again, who would care if we're in just? Monster
100%
If I became the (monster) Monster
100%
I lost my best friend, I lost my mentor, my mom Monster
100%
I'll go where Poseidon won't reach us Monster
100%
And if I gotta drop another infant from a wall Monster
100%
And I'll become the monster Monster
100%
So what if I'm the monster lurking deep below Monster
100%
I must become the monster, and then we'll make it home Monster
100%
(Monster) Monster
100%
(Monster) Monster
100%
(Monster) Monster
100%
(Monster) Monster
100%
Penelope Monster | The Horse and the Infant | Suffering | Charybdis | Would You Fall In Love With Me Again
100%
Tell me you did not know that would happen Mutiny
100%
Say you didn't know how that would end Mutiny
100%
Look me in the eyes, and tell me, captain Mutiny
100%
That you did not just sacrifice six men Mutiny
100%
Tell me you did not miss home so painfully bad Mutiny
100%
That you gave up the lives of six of our friends Mutiny
100%
And when we fought with Circe, it was you who left behind no man Mutiny
100%
But when we saw this monster we didn't take a stand Mutiny
100%
Say something Mutiny
100%
Then you have forced my hand Mutiny
100%
You miss your wife so bad, you trade the lives of your own crew Mutiny
100%
Don't make me fight you brother Mutiny
100%
Eurylochus, Eurylochus, Eurylochus Mutiny
100%
How are we supposed to trust you now? Mutiny
100%
Now the time has come to shut you down Mutiny
100%
You relied on wit, and then we died on it Mutiny
100%
Some island, the first one we found Mutiny
100%
It's bursting with cows just roaming around Mutiny
100%
This statue Mutiny
100%
The god of the sun Mutiny
100%
Right in front, and hunger is so heavy (hunger is so heavy) Mutiny
100%
Ody, we're never gonna get to make it home Mutiny
100%
You don't know that's true Mutiny
100%
This is the home of the sun god Mutiny
100%
This is the home of the sun god Mutiny
100%
I'm tired, my friend Mutiny
100%
I'm just a man (Eurylochus, no) Mutiny
100%
We need to get away from this island now Mutiny
100%
Grab an oar with all the strength your arms allow Mutiny
100%
These cows were immortal, they were the sun god's friends Mutiny
100%
Full speed ahead (faster) Mutiny
100%
Full speed ahead Mutiny | Full Speed Ahead | Storm | Scylla
100%
Full speed ahead Mutiny | Full Speed Ahead | Storm | Scylla
100%
You were reckless, sentimental at best My Goodbye
100%
Put your emotions aside My Goodbye
100%
This way, you'll know what your place is My Goodbye
100%
This way, you won't waste my time My Goodbye
100%
What's a title that a goddess can lend My Goodbye
100%
This way, you're out of my head now My Goodbye
100%
This way, you won't plague my life My Goodbye
100%
This way, you can save your time My Goodbye
100%
This way, you close the door My Goodbye
100%
And have your damn goodbye My Goodbye
100%
You're not looking for a mentor, I'm not looking for a friend My Goodbye
100%
I mistook you for a general, what a waste of effort spent My Goodbye
100%
At least I know what I'm fighting for My Goodbye
100%
Since you claim you're so much wiser My Goodbye
100%
Why's your life spent all alone? My Goodbye
100%
You're alone! My Goodbye
100%
One day, you'll hear what I'm saying My Goodbye
100%
Consider this as my goodbye My Goodbye
100%
Consider this as my goodbye My Goodbye
100%
This is my goodbye My Goodbye
100%
(Oh, oh-oh-oh, oh-oh-oh) My Goodbye
100%
Consider this as my goodbye My Goodbye
100%
Time, I've unlocked it No Longer You
100%
But that's not a world I know No Longer You
100%
I see the sacrifice of man No Longer You
100%
I see portrayals of betrayal No Longer You
100%
I see you draw your final breath No Longer You
100%
I see a man who gets to make it home alive No Longer You
100%
But it's no longer you No Longer You
100%
We've suffered and sailed through the toughest of hells No Longer You
100%
Now you tell us our effort's for nothing No Longer You
100%
I see your palace covered in red No Longer You
100%
A man with a trail of bodies (WHO?) No Longer You
100%
I see a song of past romance No Longer You
100%
I see that sacrifice of man No Longer You
100%
I see portrayals of betrayal No Longer You
100%
And a brother's final stand No Longer You
100%
But it's no longer you No Longer You
100%
They said they're taking you away Not Sorry For Loving You
100%
And if I pushed you Not Sorry For Loving You
100%
Or if I came on too strong Not Sorry For Loving You
100%
Or if I ambushed you Not Sorry For Loving You
100%
And if you hate me Not Sorry For Loving You
100%
But I'm not sorry for loving you Not Sorry For Loving You
100%
(I'm not sorry for loving you) Not Sorry For Loving You
100%
I'm not sorry for loving you Not Sorry For Loving You
100%
(I'm not sorry for loving you) Not Sorry For Loving You
100%
I spent my whole life here Not Sorry For Loving You
100%
I thought for sure that you were my dream come true Not Sorry For Loving You
100%
So if I pushed you Not Sorry For Loving You
100%
Or if I came on too strong Not Sorry For Loving You
100%
Or if I ambushed you Not Sorry For Loving You
100%
I'm not sorry for loving you Not Sorry For Loving You
100%
I'm not sorry Not Sorry For Loving You
100%
I wish you would chase me, or try to embrace me Not Sorry For Loving You
100%
I hate that I fell in love with you Not Sorry For Loving You
100%
(Hate that I fell in love with you) Not Sorry For Loving You
100%
(Why did I fall in love with you?) Not Sorry For Loving You
100%
(What do I do with this love for you?) Not Sorry For Loving You
100%
Why in the world won't you love me too? Not Sorry For Loving You
100%
For 20 years, I've suffered every punishment and pain Odysseus
100%
From the wrath of gods and monsters to the screams of comrades slain Odysseus
100%
Odysseus, Ody- Odysseus
100%
Somewhere in the shadows lurks an agile deadly foe Odysseus
100%
We have the advantage, we've the numbers and the might Odysseus
100%
No, you don't understand it, this man plans for every fight Odysseus
100%
Odysseus, Odysseus Odysseus
100%
Our weapons, they're missin' Odysseus
100%
He's usin' the darkness to hide his approaches Odysseus
100%
Our only chance is to strike him in the darkness Odysseus
100%
You don't think I know my own palace? I built it Odysseus
100%
Odysseus, Odysseus Odysseus
100%
Old King, our leader is dead Odysseus
100%
Old King, forgive us instead Odysseus
100%
Odysseus, Odysseus Odysseus
100%
Damn, he's more cunnin' than I assumed Odysseus
100%
While we were busy plottin', he his our weapons inside this room Odysseus
100%
Throw down those weapons, and I ensure you'll be spared Odysseus
100%
After seein' what the king will do to us, we wouldn't dare Odysseus
100%
We don't fight fair (stop) Odysseus
100%
Brothers, we got company, and he's made a grave mistake Odysseus
100%
Cause if he won't, I'll break the kid's hands Odysseus
100%
Got him Odysseus
100%
Mercy? Mercy? Odysseus
100%
My mercy has long since drowned Odysseus
100%
It died to bring me home Odysseus
100%
You planned to rape my wife Odysseus
100%
All of you are goin' to die (Odysseus) Odysseus
100%
You've filled my heart with hate Odysseus
100%
All of you, who have done me wrong Odysseus
100%
And try to relax, my friend Open Arms
100%
I'm fine, Polites Open Arms
100%
Tell me, is this how we're supposed to live? Open Arms
100%
Look at how you grip your sword, enough said Open Arms
100%
(Welcome) Open Arms
100%
Stay back! Open Arms
100%
My friend, greet the world with open arms Open Arms
100%
We're only here for food Open Arms
100%
(Food, food) Open Arms
100%
Six hundred friends are waiting for us to show our faces Open Arms
100%
(Food) Open Arms
100%
My men will turn this place into blazes Open Arms
100%
(Here you go!) Open Arms
100%
No matter the place, we can light up the world, here's how to start Open Arms
100%
My friend Open Arms
100%
But look at the way this fruit is glowing Open Arms
100%
It took me a while to notice just what kind of fruit they eat Open Arms
100%
It's a lotus, it controls your mind and never lets you leave Open Arms
100%
Lotus-eaters Open Arms
100%
You're saying there's a cave where we could feast? Open Arms
100%
And where do we sail to find this food-filled cave? Open Arms
100%
(Welcome!) Open Arms
100%
So why not replace it and light up the world? Here's how to start Open Arms
100%
You can relax, my friend Open Arms | Get in the Water
100%
You can relax, my friend Open Arms | Get in the Water
100%
Thank you Open Arms | Luck Runs Out | Wouldn't You Like | Dangerous
100%
Whatever we face, we'll be fine if we're leading from the heart Open Arms | The Underworld
100%
Greet the world with open arms Open Arms | The Underworld
100%
Greet the world with open arms Open Arms | The Underworld
100%
This life is amazing when you greet it with open arms Open Arms | The Underworld
100%
Whatever we face, we'll be fine if we're leading from the heart Open Arms | The Underworld
100%
This life is amazing when you greet it with open arms Open Arms | The Underworld
100%
Greet the world with open arms Open Arms | The Underworld
100%
Greet the world with open arms Open Arms | The Underworld
100%
Greet the world with open arms Open Arms | The Underworld
100%
Over here! Polyphemus
100%
I can't believe this cave has all this for us to keep Polyphemus
100%
I've gotta hand it to you both, this is quite the treat Polyphemus
100%
It's almost too perfect, too good to be true Polyphemus
100%
Why would the lotus eaters pass up on all this food? Polyphemus
100%
We're just travellers Polyphemus
100%
You killed my sheep Polyphemus
100%
My favorite sheep Polyphemus
100%
Your blood over where you stand Polyphemus
100%
You came to my home to steal Polyphemus
100%
A trade, you see? Polyphemus
100%
Take from you like you took from me Polyphemus
100%
There's been a misunderstanding Polyphemus
100%
We never came here to steal Polyphemus
100%
But now that I see we've done some damage Polyphemus
100%
I'll give you our finest treasure Polyphemus
100%
You can keep the world's best tasting wine Polyphemus
100%
The power that's in your hands Polyphemus
100%
You'd never wanna eat human flesh again Polyphemus
100%
A gift from you and a gift from me Polyphemus
100%
My name is Nobody, Nobody, Nobody Polyphemus
100%
Nobody, for your gift I've one to reply Polyphemus
100%
Watch out! Polyphemus
100%
What? Polyphemus | Storm | Ruthlessness | No Longer You | Different Beast
100%
Something that I must get off my chest Puppeteer
100%
Until it is said, I cannot rest Puppeteer
100%
(Captain) Eurylochus, go make sure this island is secure Puppeteer
100%
Whatever you need to say can wait some more Puppeteer
100%
Eurylochus, back so soon? Puppeteer
100%
We came across a palace Puppeteer
100%
To greet it was our choice Puppeteer
100%
But nothing could prepare us for the power that awaited inside Puppeteer
100%
(What did this palace hide?) Puppeteer
100%
Sir, since we left home, we've faced a variety of foes from a wide range of places Puppeteer
100%
Gods, monsters, you know the roster, hostile creatures that we could resist Puppeteer
100%
(What was it?) A woman Puppeteer
100%
Come inside (damn) Puppeteer
100%
Welcome to the best part of your lives Puppeteer
100%
Go ahead and rest wherever you like Puppeteer
100%
I've got you, don't worry, Circe's got you now Puppeteer
100%
(Only I stayed outside, but the rest went in) Puppeteer
100%
I've got you, don't worry, Circe's got you now Puppeteer
100%
For inside the meal (think of your past) Puppeteer
100%
And grow snouts and tails (mistakes you'll make) Puppeteer
100%
She changed them Puppeteer
100%
I've got all the power, yeah, I've got all the power Puppeteer
100%
No, I'm not a player, I'm a puppeteer Puppeteer
100%
No, I don't play, I puppeteer, yeah Puppeteer
100%
And it wasn't quick (we pay to live) Puppeteer
100%
She turned our men (the world does not) Puppeteer
100%
I've got all the power, yeah, I've got all the power Puppeteer
100%
No, I'm not a player, I'm a puppeteer Puppeteer
100%
No, I don't play, I puppeteer, yeah Puppeteer
100%
Think about the men we have left before there's none Puppeteer
100%
But I can hardly sleep now, knowing everything we've done Puppeteer
100%
And her voice deceives (their way between) Puppeteer
100%
What if she can't be killed? (My nymphs and I) Puppeteer
100%
I've got all the power, yeah, I've got all the power Puppeteer
100%
No, I don't play, I puppeteer, yeah Puppeteer
100%
She's a clever witch (this is the price) Puppeteer
100%
And she's hard to slay (we pay to love) Puppeteer
100%
But you don't have to play (watch from above) Puppeteer
100%
No, I'm not a player, I'm a puppeteer Puppeteer
100%
No, I don't play, I puppeteer, yeah Puppeteer
100%
He didn't notice I mixed lotus in his wine Remember Them
100%
Remember them Remember Them
100%
When the fire begins to fade Remember Them
100%
We are not to let them die in vain Remember Them
100%
We're the ones who carry on Remember Them
100%
And our comrades will not die in vain Remember Them
100%
This is how we're getting out of here Remember Them
100%
(Let's kill him!) Remember Them
100%
His body is blocking the path Remember Them
100%
We gotta stab him in the eye Remember Them
100%
Remember them Remember Them
100%
When the fire begins to fade Remember Them
100%
For the fallen and afraid Remember Them
100%
Remember them Remember Them
100%
Now! Remember Them
100%
Scatter! Remember Them
100%
Who hurts you? Remember Them
100%
There are more of them? Remember Them
100%
Who hurts you? Remember Them
100%
Hide Remember Them
100%
Who hurts you? Remember Them
100%
Who hurts you? Remember Them
100%
If nobody hurts you, be silent Remember Them
100%
Let's grab the sheep and away we go Remember Them
100%
What good would killing do? Remember Them
100%
More of this world could learn to use Remember Them
100%
My friend is dead, our foe is blind Remember Them
100%
The blood we shed, it never dries Remember Them
100%
Hey, Cyclops! Remember Them
100%
While you fed your inner beast Remember Them
100%
Remember them Remember Them
100%
The next time that you dare choose not to spare Remember Them
100%
Remember them Remember Them
100%
I'm the reigning King of Ithaca Remember Them
100%
I am neither man nor mythical Remember Them
100%
Odysseus Remember Them | Different Beast | God Games
100%
Captain! Remember Them | Full Speed Ahead | Polyphemus | Survive
100%
I am your darkest moment Remember Them | Ruthlessness
100%
Have you forgotten the lessons I taught you? Remember Them | Warrior of the Mind
100%
Poseidon, Poseidon, Poseidon, Poseidon Ruthlessness
100%
In all my years of living Ruthlessness
100%
It isn't very often that I get pissed off Ruthlessness
100%
And yet, you hurt this son of mine Ruthlessness
100%
I'm left without a choice and without a doubt Ruthlessness
100%
Guess the pack of wolves is swimming with the shark now Ruthlessness
100%
(Ruthlessness is mercy upon ourselves) Ruthlessness
100%
A Greek who reeks of false righteousness, that's what I hate Ruthlessness
100%
I mean, you totally could've avoided all this had you just killed my son Ruthlessness
100%
You reveal your name, then you let him live Ruthlessness
100%
(Ruthlessness is mercy upon ourselves) Ruthlessness
100%
And now it is finally time to say goodbye, today you die Ruthlessness
100%
Unless, of course, you apologize Ruthlessness
100%
Poseidon, we meant no harm Ruthlessness
100%
We took no pleasure in his pain Ruthlessness
100%
We only wanted to escape Ruthlessness
100%
Ruthlessness is mercy upon our- (Captain, Captain) Ruthlessness
100%
43 left under your command Ruthlessness
100%
The monster that always draws near Ruthlessness
100%
Die Ruthlessness | Get in the Water
100%
When does a man become a monster? Ruthlessness | Just a Man | The Underworld | Thunder Bringer
100%
When does a ripple become a tidal wave? Ruthlessness | Just a Man | Thunder Bringer
100%
Ruthlessness is mercy upon ourselves Ruthlessness | Love in Paradise | Get in the Water
100%
Ruthlessness is mercy upon ourselves Ruthlessness | Love in Paradise | Get in the Water
100%
Ruthlessness is mercy upon ourselves Ruthlessness | Love in Paradise | Get in the Water
100%
What? Ruthlessness | Polyphemus | Storm | No Longer You | Different Beast
100%
Deep down (you're quiet today) Scylla
100%
Deep down (not much to say) Scylla
100%
Deep down (you hide a reason for shame) Scylla
100%
Deep down (You know that we are the same) Scylla
100%
I opened the wind bag while you were asleep Scylla
100%
Leaving them feeling betrayed Scylla
100%
Deep down, we only care for ourselves Scylla
100%
Eurylochus, light up six torches Scylla
100%
Deep down, we're lonely demons from hell Scylla
100%
Captain, something approaches Scylla
100%
Row for your lives! Scylla
100%
Drown in your sorrow and fears Scylla
100%
Choke on your blood and your tears Scylla
100%
We are the same, you and I, I Scylla
100%
Full speed ahead Scylla | Full Speed Ahead | Storm | Mutiny
100%
Six hundred men (six hundred) Six Hundred Strike
100%
Six hundred men (six hundred) Six Hundred Strike
100%
Six hundred men (six hundred) Six Hundred Strike
100%
And I will get back to my wife Six Hundred Strike
100%
For every comrade, every one of my friends Six Hundred Strike
100%
Six hundred strike Six Hundred Strike
100%
Six hundred men (six hundred) Six Hundred Strike
100%
Six hundred, six hundred men Six Hundred Strike
100%
You idiot, can't you see? Six Hundred Strike
100%
You sealed your fate just to beat me Six Hundred Strike
100%
You released my storm when you opened that bag Six Hundred Strike
100%
Now you'll never get back Six Hundred Strike
100%
You're going to call off that storm Six Hundred Strike
100%
Or what? You can't kill me Six Hundred Strike
100%
How does it feel to know pain? Six Hundred Strike
100%
Calling their captain in vain Six Hundred Strike
100%
Look what we've become Six Hundred Strike
100%
You didn't stop when I begged you Six Hundred Strike
100%
Told me to close my heart Six Hundred Strike
100%
After everything you've done Six Hundred Strike
100%
How will you sleep at night? Six Hundred Strike
100%
Next to my wife Six Hundred Strike
100%
These waves and tides have grown in strength and size Storm
100%
Is it nature or divine, or a blessing in disguise? Storm
100%
This storm's our final fight Storm
100%
Comrades (sir!) Storm
100%
Head towards the island, but avoid the crashing waves Storm
100%
Have them follow my ship, I'll ensure that we prevail Storm
100%
We'll beat this storm (storm) Storm
100%
At this rate, we won't make it out alive Storm
100%
What do you have in mind? Storm
100%
We're shooting for the island in the sky Storm
100%
Storm, storm Storm | Keep Your Friends Close
100%
Don't you miss me? Suffering
100%
More than you know Suffering
100%
Then jump in the water and kiss me Suffering
100%
Penelope, I've told you this before Suffering
100%
You know I'm afraid of the water Suffering
100%
Come play with me and our daughter Suffering
100%
But I'd be suffering trying to float the whole time Suffering
100%
I can take the suffering from you Suffering
100%
You know that I prefer my feet on the ground Suffering
100%
Fine, but only if you answer a question or two Suffering
100%
Of course Suffering
100%
Okay, so let's say I was on the run or hiding Suffering
100%
And let's say he blocked the way home Suffering
100%
Which route should I take? Suffering
100%
So find a place he'd never go Suffering
100%
The one way you'll get home Suffering
100%
Is sailing where he's scared to roam, oh Suffering
100%
It's through the lair of Scylla Suffering
100%
This is your only way home Suffering
100%
But Scylla has a cost Suffering
100%
Well, you asked and now you know Suffering
100%
Penelope, why? Suffering
100%
You know I'm too shy and terrified Suffering
100%
Ah, the things I do for you Suffering
100%
The lair of Scylla Suffering | Scylla
100%
Penelope Suffering | The Horse and the Infant | Monster | Charybdis | Would You Fall In Love With Me Again
100%
Penelope Suffering | The Horse and the Infant | Monster | Charybdis | Would You Fall In Love With Me Again
100%
(Polyphemus) Survive
100%
And if we're defeated, they're good as dead Survive
100%
No chance for support, so draw out your swords Survive
100%
Our foe must be thwarted right here and now Survive
100%
Show me how great is your will to survive Survive
100%
It's just one life to take Survive
100%
Defeat is not allowed Survive
100%
We must live through this day, so fight, fight, fight Survive
100%
Attack from behind, keep distance in mind Survive
100%
And stay in his blind spot Survive
100%
Find a breach Survive
100%
And when we kill him, then our journey's over Survive
100%
(Push forward) no dying on us now Survive
100%
We must live through this day, so fight, fight, fight! Survive
100%
He's got a club! Survive
100%
What are our orders? Survive
100%
You've hurt me enough Survive
100%
Six hundred lives I'll take Survive
100%
You won't live through this day, now die, die Survive
100%
Captain? Survive | Mutiny | Thunder Bringer | Love in Paradise
100%
I said I would choose as soon as I weave this shroud The Challenge
100%
I unthread all the work I've done The Challenge
100%
But I don't know how much longer I'll last since I saw that storm The Challenge
100%
And though it was so close to our kingdom, it was far from the norm, unless The Challenge
100%
Just know I'll be here buying you time The Challenge
100%
Whoever can string my husband's old bow The Challenge
100%
Let the arrow fly The Challenge
100%
Once you know that your aim is true The Challenge
100%
Cause I'd rather die The Challenge
100%
Than grow old without the best of you The Challenge
100%
And though I never thought that it would end like this The Challenge
100%
(Penelope) waiting, waiting The Challenge
100%
And shoot through 12 axes cleanly The Challenge | Hold Them Down
100%
Will be the new king, sit down at the throne The Challenge | Hold Them Down
100%
Tonight, we make the Trojans pay The Horse and the Infant
100%
Ten years of war, they've killed us slowly The Horse and the Infant
100%
Think of your wives and your children The Horse and the Infant
100%
They're growing old and yet you're still here The Horse and the Infant
100%
Do what I say and you'll see them again (yes, sir!) The Horse and the Infant
100%
Diomedes will lead the charge The Horse and the Infant
100%
Agamemnon will flank the guards The Horse and the Infant
100%
Menelaus will let our mates The Horse and the Infant
100%
Teucer will shoot any ambush attack The Horse and the Infant
100%
Find that inner strength now (whoo!) The Horse and the Infant
100%
Use that well of pride (whoo!) The Horse and the Infant
100%
What do you live for? What do you try for? The Horse and the Infant
100%
What do you wish for? What do you fight for? The Horse and the Infant
100%
And Telemachus The Horse and the Infant
100%
I fight for us The Horse and the Infant
100%
I fight for us The Horse and the Infant
100%
(What do you fight for?) Attack The Horse and the Infant
100%
Can only be dealt with right here and now The Horse and the Infant
100%
I don't think you're ready The Horse and the Infant
100%
A mission to kill someone's son The Horse and the Infant
100%
I know that I'm ready The Horse and the Infant
100%
What sort of imminent threat does he pose, that I cannot avoid? The Horse and the Infant
100%
This is the son of none other than Troy's very own Prince Hector The Horse and the Infant
100%
Know that he will grow from a boy to an avenger The Horse and the Infant
100%
If you don't end him now, you'll have no one left to save The Horse and the Infant
100%
I could raise him as my own (he will burn your house and throne) The Horse and the Infant
100%
I'm begging please (oh, this is the will of the gods) The Horse and the Infant
100%
The blood on your hands is something you won't lose The Horse and the Infant
100%
There are other means of deceit There Are Other Ways
100%
There are other roads to the soul There Are Other Ways
100%
Mistakes I ever make? (Don't break when) There Are Other Ways
100%
But there's no puppet here (I can't) There Are Other Ways
100%
She's my everything, my Penelope There Are Other Ways
100%
Oh, 12 long years since I have seen my wife There Are Other Ways
100%
And now the God of Tides is out to end my life There Are Other Ways
100%
So I beg you, Circe, grant us mercy There Are Other Ways
100%
And let us puppets live There Are Other Ways
100%
Though this other way's very dangerous There Are Other Ways
100%
It might be your one final hope There Are Other Ways
100%
I'll release your men, and I'll get you to the Underworld instead There Are Other Ways
100%
I remember actions of passion There Are Other Ways
100%
I have been in love once before There Are Other Ways
100%
(So much power, so much power) There Are Other Ways
100%
(No she's not a player, she's a puppeteer) There Are Other Ways
100%
Friends, Circe's instructions were clear The Underworld
100%
Full speed ahead, until we find the prophet The Underworld
100%
My comrades, this land confuses your mind The Underworld
100%
All I hear are screams, every time I dare to close my eyes The Underworld
100%
This land confuses your mind The Underworld
100%
I keep thinking of the infant from that night The Underworld
100%
I keep thinking of the infant from that night The Underworld
100%
(Polites) The Underworld
100%
Polites The Underworld
100%
That voice, it can't be The Underworld
100%
Mom? The Underworld
100%
Odysseus, when you come home I'll be waiting The Underworld
100%
Even if you're the last thing I see, I'll be waiting (I'm right here, mom) The Underworld
100%
I took too long (I'll always love you) The Underworld
100%
While you were waiting, waiting, waiting The Underworld
100%
Bye mom The Underworld
100%
All I hear are screams (all I hear are screams) The Underworld
100%
Nothing's what it seems, nothing's what it seems The Underworld
100%
Down in the Underworld The Underworld
100%
When does a man become a monster? The Underworld | Just a Man | Ruthlessness | Thunder Bringer
100%
This life is amazing when you greet it with open arms The Underworld | Open Arms
100%
Whatever we face, we'll be fine if we're leading from the heart The Underworld | Open Arms
100%
Greet the world with open arms The Underworld | Open Arms
100%
Greet the world with open arms The Underworld | Open Arms
100%
Pride is a damsel in distress Thunder Bringer
100%
Hiding away where only I can undress her Thunder Bringer
100%
Try all she not to confess Thunder Bringer
100%
In the end, it's all the same once I apply all the pressure Thunder Bringer
100%
The lives of your men and crew or your own Thunder Bringer
100%
Enlighten me, King of Ithaca Thunder Bringer
100%
I wonder who'd take the weight of the damned Thunder Bringer
100%
Thunder bringer, here to ring your Thunder Bringer
100%
Lightning wielder, here to yield your Thunder Bringer
100%
Someone's gotta die today Thunder Bringer
100%
Or your crew? Thunder Bringer
100%
(I have to see her) Thunder Bringer
100%
(I know) Thunder Bringer
100%
Lightning, wield her, use and yield her Thunder Bringer
100%
Show her what she can't conceal Thunder Bringer
100%
The one who makes her kingdom fall Thunder Bringer | God Games
100%
Thunder, bring her through the wringer Thunder Bringer | God Games
100%
The one who makes her kingdom fall Thunder Bringer | God Games
100%
When does a ripple become a tidal wave? Thunder Bringer | Just a Man | Ruthlessness
100%
When does a man become a monster? Thunder Bringer | Just a Man | Ruthlessness | The Underworld
100%
Have you forgotten to turn off your heart? Warrior of the Mind
100%
Have you forgotten your purpose? Warrior of the Mind
100%
I had a challenge, a test of skill Warrior of the Mind
100%
One day a boy came for the thrill Warrior of the Mind
100%
A boy whose mind rivaled the boar's own will (let's go) Warrior of the Mind
100%
Maybe one day he'll follow me Warrior of the Mind
100%
Then they'll see I know he'll change the world Warrior of the Mind
100%
Cause he is a warrior of the mind Warrior of the Mind
100%
If there's a problem, he'll have the answer Warrior of the Mind
100%
I can see you Warrior of the Mind
100%
Ha-ha, I was lying, and you fell for my bluff Warrior of the Mind
100%
Well done, enlighten me, what's your name? Warrior of the Mind
100%
Nah, don't be modest, I know you're a goddess Warrior of the Mind
100%
The best strategies we've seen Warrior of the Mind
100%
If you're looking for a mentor, I'll make sure you're time's well-spent Warrior of the Mind
100%
And we'll make a greater tomorrow Warrior of the Mind
100%
They they'll see I know we'll change the world Warrior of the Mind
100%
Cause we are the warriors of the mind Warrior of the Mind
100%
Maybe one day we'll reach them Warrior of the Mind
100%
and we can build their skills as we teach them Warrior of the Mind
100%
We are the warriors of the mind Warrior of the Mind
100%
I still intend to make sure you don't fall behind Warrior of the Mind
100%
Don't forget that you've are a warrior of a very special kind Warrior of the Mind
100%
You are a warrior of the mind Warrior of the Mind
100%
Show yourself Warrior of the Mind | I Can't Help But Wonder
100%
Have you forgotten the lessons I taught you? Warrior of the Mind | Remember Them
100%
I had a friend before and he was a lot like you We'll Be Fine
100%
I helped him fight through war, but he had his demons too We'll Be Fine
100%
Athena, I don't know who your friend is We'll Be Fine
100%
The best day of my life We'll Be Fine
100%
You're my friend, I couldn't ask for more We'll Be Fine
100%
Maybe if life wasn't spent as planned We'll Be Fine
100%
I know we'll be fine We'll Be Fine
100%
I know it's light you'll find We'll Be Fine
100%
I must say what a brilliant speech you gave Wouldn't You Like
100%
Ahahahahaha! Wouldn't You Like
100%
Wouldn't you like to have some of the magic? Wouldn't You Like
100%
Wouldn't you like your outcome preferred? Wouldn't You Like
100%
Deep in the night, the fight can be tragic Wouldn't You Like
100%
I'll help you conquer her Wouldn't You Like
100%
She can turn you into an animal that'll end up on her plate Wouldn't You Like
100%
Wouldn't you like a taste of the power? Wouldn't You Like
100%
You can be hurt or you can beat her Wouldn't You Like
100%
Wouldn't you like to have some of the magic? Wouldn't You Like
100%
Oh-oh, here in the root of this flower Wouldn't You Like
100%
Then you'll manifest a being of your creation Wouldn't You Like
100%
Though it's only for a moment Wouldn't You Like
100%
Til you've beaten your opponent Wouldn't You Like
100%
Wouldn't you like a taste of the power? Wouldn't You Like
100%
Wouldn't you like to use more than words? Wouldn't You Like
100%
Wouldn't you like to have some of the magic? Wouldn't You Like
100%
Wouldn't you like your outcome preferred? Wouldn't You Like
100%
Deep in the night, the fight can be tragic Wouldn't You Like
100%
Wouldn't you like a taste of the power? Wouldn't You Like
100%
You can be hurt or you can beat her Wouldn't You Like
100%
Wouldn't you like to have some of the magic? Wouldn't You Like
100%
Don't thank me, friend Wouldn't You Like
100%
You very well may die Wouldn't You Like
100%
Hermes? Wouldn't You Like | Dangerous
100%
Hermes Wouldn't You Like | Dangerous
100%
Is it you? Would You Fall In Love With Me Again
100%
You look different, your eyes look tired Would You Fall In Love With Me Again
100%
Is it really you, my love? Would You Fall In Love With Me Again
100%
I am not your kind and gentle husband Would You Fall In Love With Me Again
100%
And I am not the love you knew before Would You Fall In Love With Me Again
100%
Would you fall in love with me again Would You Fall In Love With Me Again
100%
The things I cannot change Would You Fall In Love With Me Again
100%
Left a trail of red on every island Would You Fall In Love With Me Again
100%
As I traded friends like objects I could use Would You Fall In Love With Me Again
100%
But all of that was to bring me back to you Would You Fall In Love With Me Again
100%
Would you fall in love with me again Would You Fall In Love With Me Again
100%
If that's true, could you do me a favor? Would You Fall In Love With Me Again
100%
See that wedding bed? Could you carry it over? Would You Fall In Love With Me Again
100%
Lift it high on your shoulders and take it far away from here Would You Fall In Love With Me Again
100%
Do you realize what you have asked me? Would You Fall In Love With Me Again
100%
The only way to move it is to cut it from its roots Would You Fall In Love With Me Again
100%
Only my husband knew that Would You Fall In Love With Me Again
100%
I will fall in love with you over and over again Would You Fall In Love With Me Again
100%
I don't care how, where, or when Would You Fall In Love With Me Again
100%
Don't tell me you're not the same person Would You Fall In Love With Me Again
100%
You're always my husband, and I've been waiting, waiting, waiting Would You Fall In Love With Me Again
100%
I love you Would You Fall In Love With Me Again
100%
Penelope Would You Fall In Love With Me Again | The Horse and the Infant | Monster | Suffering | Charybdis
100%
When lost, look towards the sky Dangerous
89%
I could put a spell on you, and you're done for Done For
86%
My nymphs are like my daughters Done For
86%
Aphrodite God Games
86%
This life is amazing when you greet it with open arms Open Arms | The Underworld
86%
I see you changing from how I've designed you Warrior of the Mind
86%
Oh, my boy, sweetest joy I've known I Can't Help But Wonder
83%
Used to say I'd make the storm clouds cry for you I Can't Help But Wonder
83%
I'm just a man Just a Man
83%
Give me Giants and a Hydra Legendary
83%
Oh, maybe I pushed you a bit too hard Little Wolf
83%
It's been ten years since I last saw you Love in Paradise
83%
When a god comes down and makes a fleet drown Monster
83%
Inside we heard a voice Puppeteer
83%
Remember them Remember Them
83%
I'd rather bleed for ya (he's bringing you) The Horse and the Infant
83%
That they will be the last (think of your past) There Are Other Ways
83%
There is so much power, so much power There Are Other Ways
83%
Ah, Poseidon, eh There Are Other Ways
83%
Thunder, bring her through the wringer Thunder Bringer | God Games
83%
Show her I'm the judgement call Thunder Bringer | God Games
83%
Just a friend who could help you save your men Wouldn't You Like
83%
Well, it's a little bit dangerous, my friend Dangerous
80%
You'll need a mindset change for this Dangerous
80%
Don't you know that danger is my friend? Dangerous
80%
First, we slayed in our own war, and now we're here with more foes Different Beast
80%
And they wound up at your doors Done For
80%
Did you do something to them? Done For
80%
Six hundred men (six hundred men) Full Speed Ahead
80%
Watch where the birds fly (watch where the birds fly) Full Speed Ahead
80%
Now full speed ahead Full Speed Ahead
80%
(We're up, we're off, and away we go) Full Speed Ahead
80%
While his friends get devoured? God Games
80%
Whoever can string the old king's bow Hold Them Down
80%
Here and now, there's a chance for action Hold Them Down
80%
I'll be there in a moment, of course I Can't Help But Wonder
80%
I'm just a man Just a Man
80%
But our path to home is blocked by an impenetrable storm Keep Your Friends Close
80%
Cause they're getting impatient Legendary
80%
Give me Sirens and a Cyclops Legendary
80%
Let's teach this dog a lesson in front of all his kind Little Wolf
80%
Go back and cry in your corner Little Wolf
80%
Oh, handsome, you may try Love in Paradise
80%
Please stay away from harm, stay in my open arms (all I hear are-) Love in Paradise
80%
This is the home of the wind gods Luck Runs Out
80%
I understand that we're tired, I understand that we're fazed Luck Runs Out
80%
When the witch turns men to pigs to protect her nymphs, is she going insane? Monster
80%
I'll become the monster Monster
80%
This way, you won't disappoint me My Goodbye
80%
I'm left to deal with the strain My Goodbye
80%
Then we shall be on our way Polyphemus
80%
Stranger, what's your name? Polyphemus
80%
(We have to go save them) no, we don't Puppeteer
80%
Let's just cut our losses, you and I, and let's run Puppeteer
80%
For the fallen and afraid Remember Them
80%
I've been so gracious Ruthlessness
80%
The lair of Scylla Scylla | Different Beast
80%
Our home's in sight Storm
80%
Everyone grab a harpoon and aim it high Storm
80%
Ooh, as good as that sounds, right here I'm just fine Suffering
80%
From, I don't know, Poseidon Suffering
80%
He will chase you high and low Suffering
80%
I'm supposed to choose a suitor to wear the crown The Challenge
80%
A vision The Horse and the Infant
80%
Captain! Captain! Captain! Captain! The Underworld
80%
Unmatched, witty, and queen of (and queen of) Warrior of the Mind
80%
I don't know what he's like, but We'll Be Fine
80%
Deep in the night, the fight can be tragic Wouldn't You Like
80%
Just a moment of labor that would bring me some peace Would You Fall In Love With Me Again
80%
Deep down, I would trade the world to see my son and wife Just a Man
78%
We'll jump at the same time Suffering
78%
See if you don't spit it out soon, all that water will destroy you Charybdis
75%
And put your whole brain it it Dangerous
75%
When strangers lurk around the isle Dangerous
75%
Keep this bag closed if you wanna get home, sir Dangerous
75%
Cause no mortal can pass Poseidon's storm Dangerous
75%
Yeah, I know exactly what you are, a siren Different Beast
75%
I read your lips and phrases, scanning for information Different Beast
75%
I made a mistake like this, it almost cost my life Different Beast
75%
Kill them all Different Beast
75%
What? Different Beast | Polyphemus | Storm | Ruthlessness | No Longer You
75%
Boy, you better run, or soon you will be done for Done For
75%
You've made your one wrong move, now you're done for Done For
75%
I protect them at all costs Done For
75%
Six hundred reasons, to take what we can Full Speed Ahead
75%
So captain, what's the plan Full Speed Ahead
75%
Polites! Full Speed Ahead
75%
I see fire, but there's no smoke Full Speed Ahead
75%
Get in the water Get in the Water
75%
That is, unless you choose to die Get in the Water
75%
Aren't you tired, Poseidon? Get in the Water
75%
Wait, please reconsider this God Games
75%
Hides inside a wooden horse to get the job done God Games
75%
Can't you guys see we're being played? Hold Them Down
75%
Here and now, we can take control Hold Them Down
75%
Father, how I've longed to see you I Can't Help But Wonder
75%
(When does a candle become a blaze?) Forgive me Just a Man
75%
Friends turn into foes and rivalries Keep Your Friends Close
75%
So, keep your friends close and your enemies closer Keep Your Friends Close
75%
So much has changed, but I'm the same, yes, I'm the same Keep Your Friends Close
75%
Wake up Keep Your Friends Close
75%
No! Keep Your Friends Close | Charybdis
75%
I'll fight the harpies and chimeras, the Minotaur, even Cerberus Legendary
75%
Fight, little wolf, fight Little Wolf
75%
Let's see how you take this Little Wolf
75%
Wanna be a man? Then (Oh, oh-oh) Little Wolf
75%
You're adorable Love in Paradise
75%
Cause we've got all we could want here, all we could need here Love in Paradise
75%
No one can come or go, my island stays unknown Love in Paradise
75%
Time can take a heavy toll Love in Paradise
75%
You've heard the legends of the island in the sky Luck Runs Out
75%
Have faith, friend, we've come this far Luck Runs Out
75%
Or we'l all die in this Luck Runs Out
75%
How did suffering become so endless? Monster
75%
I'm the only one whose line I haven't crossed Monster
75%
What if I'm the problem that's been hiding all along? Monster
75%
And then sleep knowing he has done him right? Monster
75%
If I became the monster and threw that guilt away Monster
75%
How much longer must I push through doubt? (I need to get home) Mutiny
75%
Our lives like this, when people die like this? Whoa-oh Mutiny
75%
This way, I'll close the door My Goodbye
75%
This day, you lost it all My Goodbye
75%
And a brother's final stand No Longer You
75%
Faces of men who had long believed you're dead No Longer You
75%
I see a man who gets to make it home alive No Longer You
75%
So I came by to say Not Sorry For Loving You
75%
You're unlike anyone I have ever known Not Sorry For Loving You
75%
Alone for a hundred years Not Sorry For Loving You
75%
(But not in the way that you want me to) Not Sorry For Loving You
75%
(How am I supposed to get over you?) Not Sorry For Loving You
75%
Odysseus, Odysseus Odysseus
75%
We're empty-handed up against an archer Odysseus
75%
I find it hard to believe that the sharpest of kings left his armory unlocked Odysseus
75%
Huh, your very presence has doomed the king, young prince Odysseus
75%
When you stop and lower your guard Open Arms
75%
Stay back, I'm warning you Open Arms
75%
A cave? Open Arms
75%
Look at all this food, look at all these sheep Polyphemus
75%
Wine? Polyphemus
75%
A wine so fresh Polyphemus
75%
Captain, I have something that I must confess Puppeteer
75%
But this was a hell of a twist, cause we are weak to a power like this Puppeteer
75%
They transformed (this is the price) Puppeteer
75%
Every single cost is so much more than what we've earned Puppeteer
75%
Of course, I'd like to leave now, of course I'd like to run Puppeteer
75%
Ourselves Ruthlessness
75%
Cause you fight to save lives, but won't kill and don't get the job done Ruthlessness
75%
Unlike you, I've got no mercy left to give cause Ruthlessness
75%
Full speed ahead Scylla | Full Speed Ahead | Storm | Mutiny
75%
I don't think you seem to get it Six Hundred Strike
75%
How does it feel to be helpless? Six Hundred Strike
75%
Enough Six Hundred Strike | Survive
75%
In the sky Storm
75%
I would take the suffering from you Suffering
75%
And when we kill him, then our journey's over Survive
75%
He's got a club Survive
75%
Time to be the man of the house (oh, buying you time) The Challenge
75%
Through the gates to take the whole city at large The Horse and the Infant
75%
(What do you try for?) Telemachus The Horse and the Infant
75%
Show me that you're willing to burn, whoa There Are Other Ways
75%
Wait, you're helping us? There Are Other Ways
75%
Maybe one day, the world will need a puppeteer no more There Are Other Ways
75%
And here in the Underworld, the past seems close behind The Underworld
75%
Sublime you for your act of crime Thunder Bringer
75%
But we'll die Thunder Bringer | Love in Paradise
75%
We'll see where it ends (okay) Warrior of the Mind
75%
Life could be that bright We'll Be Fine
75%
You'll need the blessing of a certain god Wouldn't You Like
75%
Wouldn't you like to use more than words? Wouldn't You Like
75%
Wouldn't you like your outcome preferred? Wouldn't You Like
75%
Would you love me all the same? Would You Fall In Love With Me Again
75%
Hurt more lives than I can count on my hands Would You Fall In Love With Me Again
75%
I had built that wedding bed with my blood and sweat Would You Fall In Love With Me Again
75%
20 years Would You Fall In Love With Me Again
75%
Kill them all Different Beast
71%
She has all the ways to haunt you, when you take her on alone Wouldn't You Like
71%
Pride, his trust, his faith, and his bones Hold Them Down
70%
I'm holding on Charybdis
67%
Til I'm in the clear, til I'm out of here, oh, oh, oh Charybdis
67%
Hold on, I am on my way, I'll be there today Charybdis
67%
Cause I had one goal in mind Dangerous
67%
To make it back home and abandon caution Dangerous
67%
You cannot get away with playing safe for this Dangerous
67%
Follow the North Star, no matter how far Dangerous
67%
I realized nearby, there were sirens, singing sailors to their dooms Different Beast
67%
No more of us deceased, cause we won't take more suffering from you Different Beast
67%
You are a threat no longer, we won't take more suffering from you Different Beast
67%
Nah, you wouldn't have spared me Different Beast
67%
I don't know who you are, nor why you're here Done For
67%
Anything I don't approve, then you're done for Done For
67%
I don't mean to tip your scale but Done For
67%
So you better cower now and flee Done For
67%
Hermes gave it to you, didn't he? Done For
67%
And Ithaca's waiting (Ithaca's waiting) Full Speed Ahead
67%
I see an islands, I see a light that faintly glows Full Speed Ahead
67%
We don't know what's ahead Full Speed Ahead
67%
When your home's so close, and you've reached your coast Get in the Water
67%
I've got a reputation Get in the Water
67%
You have lived more than enough Get in the Water
67%
So why not leave this here and just go home? Get in the Water
67%
Maybe you could learn to forgive (no) Get in the Water
67%
So with so many sirens gone, I think Ody's in the wrong God Games
67%
Now they'll tread with caution first God Games
67%
Fine, release him God Games
67%
He's pretty skilled with words (You can do better than that) God Games
67%
He's kind of funny? Eh God Games
67%
Odysseus God Games | Remember Them | Different Beast
67%
None of us can string this, we don't have the power Hold Them Down
67%
I heard he's on a diplomatic mission Hold Them Down
67%
I say, we wait til he arrives Hold Them Down
67%
Only the ocean and I will know Hold Them Down
67%
Here and now, we can take control (take control) Hold Them Down
67%
All my life, I'd've died to meet you I Can't Help But Wonder
67%
For 20, I've dreamt of how I'd greet you I Can't Help But Wonder
67%
My son, I'm finally home I Can't Help But Wonder
67%
It's one I'll have to miss, for it's far beyond my years I Can't Help But Wonder
67%
Close your eyes and spare yourself the view Just a Man
67%
If they wanna get the bag open, you gotta say, "No sir" Keep Your Friends Close
67%
Cause the end always justifies the means Keep Your Friends Close
67%
For nine days, I've stayed wide awake Keep Your Friends Close
67%
Just keep your eyes open Keep Your Friends Close
67%
We can save whatever wind is left to use another day, come on Keep Your Friends Close
67%
Boy Legendary
67%
I just did Legendary
67%
Somebody tell me, come and give me a sign Legendary
67%
Wanna entertain me? Little Wolf
67%
You've made your worst mistake here, might be your last one too Little Wolf
67%
Or die, little wolf, die Little Wolf
67%
Uppercut him, now Little Wolf
67%
I'm what you want here, I'm what you need here Love in Paradise
67%
(How much longer til the show goes south?) Love in Paradise
67%
Athena! Love in Paradise
67%
How much longer 'til your great days cease? Luck Runs Out
67%
In case you needed a reminder Luck Runs Out
67%
Thank you Luck Runs Out | Open Arms | Wouldn't You Like | Dangerous
67%
How am I to reunite with my estranged? Monster
67%
What if the greatest threat we'll find across the sea Monster
67%
Five-hundred men gone, this can't go on Monster
67%
We just ran Mutiny
67%
If you want all the power, you must carry all the blame Mutiny
67%
I am not letting you get in my way Mutiny
67%
My brothers, why? Mutiny
67%
Where are we? Mutiny
67%
But if you kill his cattle, who knows what he'll send? Mutiny
67%
How much longer must I go about (Eurylochus) Mutiny
67%
You've doomed us Mutiny
67%
And now that we've pissed them off, who do you think he'll send? Mutiny
67%
We're too late Mutiny
67%
I can't Mutiny | Get in the Water
67%
Please don't tell me you're about to do what I think you'll do Mutiny | Luck Runs Out
67%
You've grown soft, your dead friends can attest My Goodbye
67%
But not today, for after all you're (just a man) My Goodbye
67%
This day, you cut the line My Goodbye
67%
Someone arrived today Not Sorry For Loving You
67%
Then I am sorry my love's too much for you Not Sorry For Loving You
67%
Was cast away when I was young Not Sorry For Loving You
67%
I had no friends but the sky and sun Not Sorry For Loving You
67%
But I'm not sorry for loving you Not Sorry For Loving You
67%
Why did I fall in love with you? Not Sorry For Loving You
67%
Where is he? Where is he? Odysseus
67%
We know these halls, the odds can be tilted Odysseus
67%
Now the rest of us are no longer a threat Odysseus
67%
Odysseus, Odysseus Odysseus
67%
We can still defeat the king if we all attack the prince Odysseus
67%
Greet the world with open arms Open Arms | The Underworld
67%
Greet the world with open arms Open Arms | The Underworld
67%
There are enough sheep here to feed the entire fleet Polyphemus
67%
Maybe you and I could make a deal Polyphemus
67%
One sip and you'll understand Polyphemus
67%
Yes, you shall be the final man to die Polyphemus
67%
(But captain) there's only so much left we can endure Puppeteer
67%
And by the gods, what happened to you? Puppeteer
67%
It seemed to show no malice Puppeteer
67%
(What?) She had us in just two words Puppeteer
67%
She had cast a spell (and your mistakes) Puppeteer
67%
They began to squeal (they'll be the last) Puppeteer
67%
Look at all we've lost and all we've learned Puppeteer
67%
Will you choose to leave? (Their loving queen) Puppeteer
67%
We must move quickly, we don't have have much time Remember Them
67%
Use your swords to sharpen the stub Remember Them
67%
And turn it to a giant spear Remember Them
67%
Captain, where do we attack him? Remember Them
67%
We are not to let them die in vain Remember Them
67%
We're the ones who carry on Remember Them
67%
It was nobody, nobody Remember Them
67%
Captain! Remember Them | Full Speed Ahead | Polyphemus | Survive
67%
I am the infamous Remember Them | Love in Paradise
67%
I try to chill with the waves Ruthlessness
67%
But damn, you crossed the line Ruthlessness
67%
I am your darkest moment Ruthlessness | Remember Them
67%
Breaking the bonds that you've made (I'm so sorry) Scylla
67%
Die in the blood where you bathe Scylla
67%
Cause I will get back to my son Six Hundred Strike
67%
Almost all of whom were slaughtered by your hand Six Hundred Strike
67%
I watched my friends die in horror Six Hundred Strike
67%
Crying as they were all slain Six Hundred Strike
67%
I heard their final moments Six Hundred Strike
67%
Brace for a storm (storm) Storm
67%
Full speed ahead Storm | Full Speed Ahead | Scylla | Mutiny
67%
Oh, I would Suffering
67%
How am I to evade him? Suffering
67%
You should come onto the ship Suffering
67%
(Polyphemus) Survive
67%
The rest of our fleet, they wait at the beach Survive
67%
He's strong but he's slow Survive
67%
He can't land a blow if we're out of reach Survive
67%
Six hundred lives at stake Survive
67%
It's just one life to take Survive
67%
Cause I'd rather lie The Challenge
67%
Though I never thought that I'd resort to this The Challenge
67%
That my world is all about to change? The Challenge
67%
Though I never thought that it would come to this The Challenge
67%
Fight through every pain now (whoo!) The Horse and the Infant
67%
(What do you live for? What do you try for?) The Horse and the Infant
67%
(What do you wish for?) I'm on my way The Horse and the Infant
67%
Of what is to come, cannot be outrun The Horse and the Infant
67%
A foe who won't run The Horse and the Infant
67%
You can say goodbye to (Penelope) The Horse and the Infant
67%
There are other ways of persuasion There Are Other Ways
67%
There are other modes of control There Are Other Ways
67%
This is the price we pay for love (I'm just a man) There Are Other Ways
67%
I know of a brilliant prophet There Are Other Ways
67%
I can't get you home, but I'll get you to the Underworld instead There Are Other Ways
67%
There are many ways of persuasion There Are Other Ways
67%
There are many modes of control There Are Other Ways
67%
Or maybe one day, the world will need a puppeteer more There Are Other Ways
67%
(No she's not a player, she's a puppeteer, yeah) There Are Other Ways
67%
I no longer dream, only nightmares of those who've died The Underworld
67%
Why would you let the cyclops live when ruthlessness is mercy? The Underworld
67%
All I hear are screams, every time I dare to close my eyes The Underworld
67%
Waiting The Underworld
67%
But in the Underworld, your past is always close behind The Underworld
67%
Since hunger was far too great Thunder Bringer
67%
Please don't make me do this Thunder Bringer
67%
Don't make me do this Thunder Bringer
67%
When does a candle become a blaze? (I can take the suffering from you) Thunder Bringer
67%
Captain? Thunder Bringer | Survive | Mutiny | Love in Paradise
67%
(Athena) Warrior of the Mind
67%
Create the greatest warrior Warrior of the Mind
67%
A magic boar only the best could kill Warrior of the Mind
67%
Maybe one day I'll reach him Warrior of the Mind
67%
And we can build his skills as I teach him Warrior of the Mind
67%
Nice try, but two can play this game Warrior of the Mind
67%
If there's a problem, we'll have the answer Warrior of the Mind
67%
I could sleep at night We'll Be Fine
67%
Cause I got in a fight, and I didn't die! We'll Be Fine
67%
Maybe to fall is to learn one way We'll Be Fine
67%
Maybe it's all gonna turn out great We'll Be Fine
67%
Thanks! We'll Be Fine
67%
Wouldn't you like a taste of the power? Wouldn't You Like
67%
Deep in the night, the fight lasts for hours Wouldn't You Like
67%
She can all but make you fall in love like you're on your hundredth date Wouldn't You Like
67%
All you need's imagination Wouldn't You Like
67%
And I call this root, Holy Moly Wouldn't You Like
67%
I'll help you conquer her Wouldn't You Like
67%
Wouldn't you like your outcome preferred? Wouldn't You Like
67%
I'll help you conquer her Wouldn't You Like
67%
Have my prayers been answered? Would You Fall In Love With Me Again
67%
Your frame is lighter, your smile torn Would You Fall In Love With Me Again
67%
No matter how long it's been, you're mine Would You Fall In Love With Me Again
67%
(Penelope) waiting, waiting (Penelope) Would You Fall In Love With Me Again
67%
How long has it been? Would You Fall In Love With Me Again
67%
Waiting, waiting Would You Fall In Love With Me Again | The Challenge
67%
This way, you can't cross the line My Goodbye
63%
Six hundred men Dangerous | Full Speed Ahead
60%
You didn't notice that your friends got snatched Different Beast
60%
We've been away from home for about 12 years or so Different Beast
60%
Now I know how to get back to my island Different Beast
60%
I'm not sure I follow Done For
60%
Maybe they'll share some food, who knows Full Speed Ahead
60%
I've got a name to uphold Get in the Water
60%
The queen will have no one Hold Them Down
60%
Tryna make it home with no storm or tidal wave Keep Your Friends Close
60%
And I'm getting closer to you Keep Your Friends Close
60%
Is he up in the middle of the night? Monster
60%
You'll keep yours and I'll keep mine My Goodbye
60%
This can't be No Longer You
60%
I thought I knew Not Sorry For Loving You
60%
I don't wanna hurt you, but trust me, I've come prepared Odysseus
60%
(By the time they ate, it was far too late) Puppeteer
60%
But before you go, I need to make you learn how Ruthlessness
60%
This is our only way home Scylla
60%
Bleed til you've run out of years Scylla
60%
An island in the sky Storm
60%
With giants waves and giant storms (oh, no) Suffering
60%
Time to be the man of the house The Challenge
60%
Only nightmares of those who've died The Underworld
60%
Ears until you're deaf of fear Thunder Bringer
60%
My time with you has been splendid We'll Be Fine
60%
Who goes there? Wouldn't You Like
60%
Divine intervention Wouldn't You Like
60%
I'll help you conquer her Wouldn't You Like
60%
I am not the man you knew Would You Fall In Love With Me Again
60%
A symbol of our love everlasting Would You Fall In Love With Me Again
60%
I can't take more risks of not seeing my wife Different Beast
57%
Six hundred lives I'll break Survive
57%
Then, oh, bring it on Charybdis
50%
Til I see it through, til I've beaten you Charybdis
50%
Til you're out of breath, til there's nothing left Charybdis
50%
I am almost there, my love, don't be scared Charybdis
50%
You're being given a final option Dangerous
50%
If your plan's so great, then why'd you wait to say it? Dangerous
50%
It's gonna be dangerous, my friend Dangerous
50%
You cannot get away with playing safe for this Dangerous
50%
Remember every trick in your domain for this Dangerous
50%
(You won't get another time to try) Dangerous
50%
I have to get home, put it all on the line Dangerous
50%
Then who? Good luck Dangerous
50%
You are a threat no longer, we won't take more suffering from you Different Beast
50%
Huh Done For
50%
So I'm not taking chances, dear Done For
50%
I just ate a flower, one that claims your power Done For
50%
Okay, fine, yes, but regardless Done For
50%
You and I are now evenly matched Done For
50%
Friends I can't neglect Done For
50%
We faced a heavy loss Done For
50%
(Make it back alive to our homeland) Full Speed Ahead
50%
Penelope's waiting (waiting) for me Full Speed Ahead
50%
(Captain, what's the plan) Full Speed Ahead
50%
Polites gear up Full Speed Ahead
50%
(Look at all we've lost and all we've learned) Get in the Water
50%
Divine intervention, is that what you seek? God Games
50%
Eh God Games
50%
Never handles things up front God Games
50%
Very well God Games | I Can't Help But Wonder
50%
Hold us down while we slowly age Hold Them Down
50%
Hold us down while the boy gets older Hold Them Down
50%
Where in the hell is our pride and our rage? Hold Them Down
50%
Let us leave now, today we can strike and Hold Them Down
50%
And then we'll hold her down while her gate is open Hold Them Down
50%
I will not let any part go to waste Hold Them Down
50%
Father? I Can't Help But Wonder
50%
For 20 years, I never could outgrow you I Can't Help But Wonder
50%
But I've got one endeavor, there's a girl I have to see I Can't Help But Wonder
50%
(When does the comet become a meteor?) Just a Man
50%
Let's play a game (a game?) Keep Your Friends Close
50%
It has the winds of the storm all trapped Keep Your Friends Close
50%
Sounds too easy, what's the catch? Keep Your Friends Close
50%
Never really know who you can trust (never really know who you can trust) Keep Your Friends Close
50%
Dreaming of all these monsters that I'll never get to fight Legendary
50%
If so, then Legendary
50%
I know life and fate are scary but I wanna be legendary Legendary
50%
Where is he? Where is the man who'll have you to wife? Legendary
50%
Where is he? Legendary
50%
Why don't you open her room so we can have fun with her? Legendary
50%
Fight, little wolf, fight, little wolf, fight Little Wolf
50%
I'll teach you all the lessons your daddy never could Little Wolf
50%
Die, little wolf, die, little wolf, die Little Wolf
50%
What's going on here? Little Wolf
50%
Whoa, how did I do that? Little Wolf
50%
Get up and fight Little Wolf
50%
Ow Little Wolf
50%
Make sure your mother hears Little Wolf
50%
Odysseus! Love in Paradise
50%
Tell me though, who's Penelope? Love in Paradise
50%
She's my wife Love in Paradise
50%
Bow down now to the immortal Calypso, here to entertain Love in Paradise
50%
But fear not, I bring no pain Love in Paradise
50%
No, no Love in Paradise
50%
Odysseus? Love in Paradise
50%
And all I hear are screams Love in Paradise
50%
I know your life's been hard, I'll stay inside your heart (all I hear are screams) Love in Paradise
50%
Or piss off this god and infuse us with strife Luck Runs Out
50%
Don't forget how dangerous the gods are Luck Runs Out
50%
How much longer 'til the show goes south? Luck Runs Out
50%
Lead from the heart, and see what starts Luck Runs Out
50%
How much longer 'til we all fall down? Luck Runs Out
50%
Our journey is almost done Luck Runs Out
50%
Please don't tell me you're about to do what I think you'll do Luck Runs Out | Mutiny
50%
What if I'm the monster? What if I'm in the wrong? Monster
50%
I will deal the blow Monster
50%
Oh, ruthlessness is mercy upon ourselves Monster
50%
Use your wits to try to say I'm crazy and mad Mutiny
50%
Eurylochus Mutiny
50%
You know you'd have done the same Mutiny
50%
There is no price he won't pay Mutiny
50%
Begging us to eat, so much meat Mutiny
50%
I'm starving, my friend Mutiny
50%
But we're so close to home, this can't be where it ends Mutiny
50%
How much longer must we suffer now? (Reconsider) Mutiny
50%
You've doomed us all, Eurylochus Mutiny
50%
That's not a teaching of mine My Goodbye
50%
Hey! My Goodbye
50%
You're a warrior, meant to lead the rest My Goodbye
50%
I don't know why I went wrong My Goodbye
50%
So now I'm gone My Goodbye
50%
This way, when all is over My Goodbye
50%
Consider this as my goodbye My Goodbye
50%
That's just like you, why should I be surprised? My Goodbye
50%
I'll remind you, I saw you as a friend My Goodbye
50%
But now we're done My Goodbye
50%
This way, you get what you wanted My Goodbye
50%
One day My Goodbye
50%
This day, you sever your own head My Goodbye
50%
This is my goodbye My Goodbye
50%
I am the prophet with the answers you seek No Longer You
50%
I see you on the brink of death No Longer You
50%
Cause you're all I've ever known Not Sorry For Loving You
50%
And if you hate me Not Sorry For Loving You
50%
I'm angry and restless and tired and sad Not Sorry For Loving You
50%
(I love you) Not Sorry For Loving You
50%
What do I do with this love for you? Not Sorry For Loving You
50%
I come back and find my palace desecrated, sacked like Troy Odysseus
50%
Worst of all, I hear you dare to touch my wife and hurt my boy Odysseus
50%
I have had enough Odysseus
50%
Odysseus, Odysseus Odysseus
50%
Let's have open arms instead (no) Odysseus
50%
So what? Now that we have armed ourselves Odysseus
50%
Where is he? Where is he? Odysseus
50%
Get off me, get off me Odysseus
50%
Fight til the prince can barely stand Odysseus
50%
Hold him down, hold him down Odysseus
50%
Hold him down, hold him down Odysseus
50%
Me-mer- Odysseus
50%
This will be your fate! Odysseus
50%
Odysseus (ah, no-no, ah) Odysseus
50%
Why should we take when we could give? Open Arms
50%
You can show a person that you trust them Open Arms
50%
I'm telling you Open Arms
50%
(Food) Open Arms
50%
If we don't get back safely Open Arms
50%
And filled with glowing seeds Open Arms
50%
I'd like to show my friend that kindness is brave Open Arms
50%
Could you tell me where there's other food to eat? Open Arms
50%
(East, that way) Open Arms
50%
Who are you? Polyphemus
50%
We come in peace Polyphemus
50%
What gives you the right to deal a pain so deep? Polyphemus
50%
Don't you know that pain you sow is pain you reap? Polyphemus
50%
Your life now is in my hands Polyphemus
50%
You will learn that it's not so fun to take Polyphemus
50%
So long as we leave alive Polyphemus
50%
Have a drink Polyphemus
50%
No bloodshed in here today Polyphemus
50%
I bet you're tired from the years spent on your feet Puppeteer
50%
From men to pigs (tend to forgive) Puppeteer
50%
No, I'm not a player, I'm a puppeteer Puppeteer
50%
The flames of those who've gone Remember Them
50%
The flames of those who've gone Remember Them
50%
Captain, we should run, wait Remember Them
50%
Captain, please, wait Remember Them
50%
He's still a threat until he's dead Remember Them
50%
Is this what it means to be a warrior of the mind? Remember Them
50%
Don't! Remember Them
50%
That's right, the cyclops you made blind, is mine Ruthlessness
50%
I've gotta make you bleed, I need to see you drown Ruthlessness
50%
It's the final crack, we're bound to break the ice now Ruthlessness
50%
All I gotta do is open this bag Ruthlessness
50%
We both know what it takes to survive Scylla
50%
We must do what it takes to survive Scylla
50%
Live out your life as a wraith Scylla
50%
Six hundred men (six hundred) Six Hundred Strike
50%
Blocked your one way home Six Hundred Strike
50%
All of the pain that I've been through (stop!) Six Hundred Strike
50%
Haven't I suffered enough? Stop! Six Hundred Strike
50%
There's no time to die Storm
50%
With home so close, we must keep pushing forward Storm
50%
Tread where the tide is flat and then you will be saved Storm
50%
We're taking too much damage to survive Storm
50%
I'll make sure that you are safe and sound Suffering
50%
How am I to get home? Suffering
50%
Now jump in the water! Suffering
50%
My brothers Survive
50%
That is who we're fighting Survive
50%
Six hundred lives at stake Survive
50%
No dying on me now Survive
50%
Exhaust him (exhaust him) Survive
50%
Defeat is not allowed Survive
50%
And when I kill you, then my pain is over Survive
50%
Escape is not allowed Survive
50%
Enough Survive | Six Hundred Strike
50%
Oh, could it be some kind of sign The Challenge
50%
Is it finally time for the challenge I arranged? The Challenge
50%
Time is fleeting, it's running out The Challenge
50%
And rule with me as his queen The Challenge
50%
I would not have it any other way The Challenge
50%
Your families wonder where you've been The Horse and the Infant
50%
And little Ajax will stay back The Horse and the Infant
50%
Nestor, secure Helen and protect her The Horse and the Infant
50%
(What do you wish for? What do you fight for?) The Horse and the Infant
50%
(What do you live for?) Penelope The Horse and the Infant
50%
It's just an infant The Horse and the Infant
50%
One fueled with rage as you're consumed by age The Horse and the Infant
50%
You can say goodbye to (Penelope) The Horse and the Infant
50%
All you can choose is whose The Horse and the Infant
50%
Penelope The Horse and the Infant | Monster | Suffering | Charybdis | Would You Fall In Love With Me Again
50%
Penelope The Horse and the Infant | Monster | Suffering | Charybdis | Would You Fall In Love With Me Again
50%
Want to save your men from the fire? There Are Other Ways
50%
(But there's no puppet here) There Are Other Ways
50%
Full speed ahead, until we find the prophet (good) The Underworld
50%
I no longer dream, only nightmares of those who've died The Underworld
50%
Nothing's what it seems (nothing's what it seems) The Underworld
50%
Waiting The Underworld
50%
And ventured too far (I'll stay in your heart) The Underworld
50%
Every time I dare to close my eyes (I no longer dream) The Underworld
50%
Your past is always close behind The Underworld
50%
Lightning, wield her, use and yield her Thunder Bringer
50%
Show her what she can't conceal Thunder Bringer
50%
For true nature will be revealed Thunder Bringer
50%
Tell me, Odysseus Thunder Bringer
50%
And spear you while your death is near Thunder Bringer
50%
Choose Thunder Bringer
50%
(Choose?) Thunder Bringer
50%
When does the reason become the blame? (Let me take the suffering from) Thunder Bringer
50%
When does a man become a monster? Thunder Bringer | Just a Man | Ruthlessness | The Underworld
50%
Goddess of wisdom Warrior of the Mind
50%
Badass in the arena (arens) Warrior of the Mind
50%
And then we grew apart, then his light went dark We'll Be Fine
50%
And so I thought We'll Be Fine
50%
Maybe he'd be fine, maybe we'd unwind We'll Be Fine
50%
Maybe if I helped you reach your goal We'll Be Fine
50%
And so I think We'll Be Fine
50%
Maybe it's time that you lend a hand We'll Be Fine
50%
I don't think he'll mind, if not his friend, then mine We'll Be Fine
50%
You're a good kid We'll Be Fine
50%
You want to beat her? Wouldn't You Like
50%
Wouldn't you like to use more than words? Wouldn't You Like
50%
She can conjure up a monster that'll grind you to the bones Wouldn't You Like
50%
Deep in the night, the fight lasts for hours Wouldn't You Like
50%
Wouldn't you like to use more than words? Wouldn't You Like
50%
Good luck Wouldn't You Like
50%
Thank you Wouldn't You Like | Open Arms | Dangerous
50%
What kinds of things did you do? Would You Fall In Love With Me Again
50%
The things I can't undo Would You Fall In Love With Me Again
50%
How could you say this? Would You Fall In Love With Me Again
50%
(Eurylochus) Full Speed Ahead
40%
We're both hurting from losses Get in the Water
40%
Great God Games
40%
Where is the man with whom you'll spend your life? Legendary
40%
And what's your plan? Luck Runs Out
40%
Okay Luck Runs Out
40%
Capture him, he's our greatest chance Odysseus
40%
See? Open Arms
40%
I can hear her still (no one will find) Puppeteer
40%
It's a game of wits (we draw the line) Puppeteer
40%
Say no more The Horse and the Infant
40%
558 men who died under your command The Underworld
40%
So if you don't have much to say Charybdis
33%
Only this raft that I made by hand Dangerous
33%
You gotta treat it like it is the main event Dangerous
33%
You'll never make it home Dangerous
33%
Thank you Dangerous | Open Arms | Luck Runs Out | Dangerous
33%
Why? Different Beast
33%
Something feels off here Full Speed Ahead
33%
We don't have time to wait Full Speed Ahead
33%
I can tell you're getting nervous Get in the Water
33%
Give me one good reason why yours should prevail God Games
33%
Haven't you noticed who's missing? Hold Them Down
33%
I say, we gather near the beaches Hold Them Down
33%
Stop us from takin' her love and more Hold Them Down
33%
All this time I've wondered if you'd embrace me as your own I Can't Help But Wonder
33%
They keep taking space and it's not much longer we can stall Legendary
33%
Wanna be a man? Then Little Wolf
33%
(how much longer til your luck runs out?) Love in Paradise
33%
Oh-oh! (No matter the place, we can light up the world, here's how to start) Love in Paradise
33%
You're like a brother I could never do without Luck Runs Out
33%
Thank you for the concern, but brother, I can assure you Luck Runs Out
33%
How has everything been turned against us? Monster
33%
That this is just a trick the gods have sent Mutiny
33%
Lower your weapon, no can do Mutiny
33%
And hunger is so heavy Mutiny
33%
How much longer must we push through doubt (We can get home) Mutiny
33%
Full speed ahead (faster) Mutiny
33%
That you're not mine to save Not Sorry For Loving You
33%
And soon I won't get to see your face Not Sorry For Loving You
33%
(Calypso) Not Sorry For Loving You
33%
For that. I'll say I was wrong Not Sorry For Loving You
33%
And as long as you're around Odysseus
33%
My family's fate is left unknown Odysseus
33%
We'll survive what we get into Open Arms
33%
A trade, you see? Polyphemus
33%
I have to try Puppeteer
33%
No? Remember Them
33%
You are the worst kind of good cause you're not even great Ruthlessness
33%
But no Ruthlessness
33%
You are far too nice, mercy has a price Ruthlessness
33%
Alright, please Six Hundred Strike
33%
No backup Survive
33%
Surround him (surround him) Survive
33%
And strike his heels (strike the heels) Survive
33%
Show him that we're deadly (ha, ha!) Survive
33%
Just know I'll be here The Challenge
33%
(I don't think you're ready) The Horse and the Infant
33%
There are other options of passion There Are Other Ways
33%
Back at home, my wife waits for me There Are Other Ways
33%
But it's been 12 long years There Are Other Ways
33%
There might be a way to evade him There Are Other Ways
33%
No matter the place, we can light up the world The Underworld | Open Arms
33%
Why do I think they'd lose Thunder Bringer
33%
When does a comet become a meteor? Thunder Bringer
33%
Maybe if I hadn't missed it all We'll Be Fine
33%
I've never felt strong before We'll Be Fine
33%
You can be hurt or you can beat her Wouldn't You Like
33%
There lies such a power to take her on Wouldn't You Like
33%
You must consume and digest it Wouldn't You Like
33%
I know that you've been waiting, waiting for love Would You Fall In Love With Me Again
33%
Carved it into the olive tree where we first met Would You Fall In Love With Me Again
33%
Penelope Would You Fall In Love With Me Again | The Horse and the Infant | Monster | Suffering | Charybdis
33%
Oh, whoa, Odysseus Get in the Water
25%
To make me feel shame? God Games
25%
Oh, and now you're here I Can't Help But Wonder
25%
Run away before you die Little Wolf
25%
Don't go down without a Little Wolf
25%
Oh, ruthlessness is mercy upon ourselves (monster) Monster
25%
(Oh, oh-oh-oh, oh-oh-oh) My Goodbye
25%
(Stay back, stay back) Open Arms
25%
But now you'll become a my meal Polyphemus
25%
Mark my words now, this is not the end Remember Them
25%
Captain! Remember Them | Full Speed Ahead | Polyphemus | Survive
25%
So close your heart, the world is dark and Ruthlessness
25%
You're dying here and now Survive
25%
Though I never thought that these would be the lengths we go for love The Challenge
25%
There might be a way to get home There Are Other Ways
25%
(Oh-whoa-oh-oh-oh, whoa-oh-oh-oh, whoa-oh-oh-oh) Love in Paradise
20%
Huh? Open Arms
20%
Give up your honor and faith Scylla
20%
Straight ahead Survive
20%
I know that you've been waiting, waiting Would You Fall In Love With Me Again
20%
Waitin', waitin' waitin' ooh Get in the Water
17%
What? Storm | Polyphemus | Ruthlessness | No Longer You | Different Beast
17%
I know Love in Paradise
14%
Oh, bring it on Charybdis
0%
There, I see it Charybdis
0%
The island I've been searching for Charybdis
0%
My wife and son are past these shores Charybdis
0%
Oh-oh, holding on Charybdis
0%
What? No Charybdis
0%
No! Charybdis | Keep Your Friends Close
0%
Consider this your one last chance Dangerous
0%
I know if you dance with fate Dangerous
0%
Remember every trick in your domain for this Dangerous
0%
First stop, uncharted waters Dangerous
0%
You think you're going, you keep on rowing Dangerous
0%
Fight your way through, do what you must do Dangerous
0%
And put your whole brain in it Dangerous
0%
The raging storm inside won't let you get closer Dangerous
0%
(It was meant to stop you by design) Dangerous
0%
Open this bag and you'll never make it home Dangerous
0%
My whole life I've trained for this Dangerous
0%
I plan to put an end to all the foolishness Dangerous
0%
I'm not the one who fought for you Dangerous
0%
You've been trying to take my life this whole time Different Beast
0%
And my real wife knows I don't have a daughter Different Beast
0%
We are a different beast now, we are the ones who feast now Different Beast
0%
No more of us deceased, cause we won't take more suffering from you Different Beast
0%
We are a different beast now, we are the ones who feast now Different Beast
0%
Oh, spare us, please Different Beast
0%
No more of us deceased, cause he won't take more suffering from you Different Beast
0%
He is the man-made monster, he is the one who conquers Different Beast
0%
Oh, whoa-oh-oh, oh, whoa-oh-oh, oh, whoa-oh-oh Different Beast
0%
Oh, whoa-oh-oh, oh, whoa-oh-oh, oh, whoa-oh-oh Different Beast
0%
Oh, whoa-oh-oh, oh, whoa-oh-oh, oh, whoa-oh-oh Different Beast
0%
Oh, whoa-oh-oh, oh, whoa-oh-oh, oh, whoa-oh-oh Different Beast
0%
Who, me? Done For
0%
Nymphs I can't neglect Done For
0%
Cause I got this root from the ground with my bare hands Done For
0%
So now, there is no turning back Done For
0%
You've lost Done For
0%
Six hundred men (six hundred men) Full Speed Ahead
0%
(Curse the war, our food stores depleted) Full Speed Ahead
0%
So let's raid the place and- Full Speed Ahead
0%
We should try to find a way no one ends up dead Full Speed Ahead
0%
We're up, we're off, and away we go Full Speed Ahead
0%
No Full Speed Ahead | Ruthlessness | Suffering
0%
Full speed ahead Full Speed Ahead | Storm | Scylla | Mutiny
0%
Full speed ahead Full Speed Ahead | Storm | Scylla | Mutiny
0%
Full speed ahead Full Speed Ahead | Storm | Scylla | Mutiny
0%
Get in the water Get in the Water
0%
It's been ten years, how long will this go? Get in the Water
0%
(I'll stay in your heart) Get in the Water
0%
Die Get in the Water | Ruthlessness
0%
Now I'm knocking on your door God Games
0%
What do you say? God Games
0%
Alright! God Games
0%
Bring it God Games
0%
He was busy fighting God Games
0%
You want more bloodshed? God Games
0%
Release him God Games
0%
Hold him down while I slowly break his Hold Them Down
0%
Cut him down into tiny pieces Hold Them Down
0%
To stop us from breakin' her bedroom door Hold Them Down
0%
Son I Can't Help But Wonder
0%
Days and nights I wish that I could show you I Can't Help But Wonder
0%
I can't help but wonder what your world must be I Can't Help But Wonder
0%
20 years, I've wandered, for so long I've felt alone I Can't Help But Wonder
0%
20 years ago I held you in my arms I Can't Help But Wonder
0%
Used to say I'd capture wind and sky for you I Can't Help But Wonder
0%
Held you in my arms, prepared to die for you I Can't Help But Wonder
0%
All I've ever wanted was to reunite with my own I Can't Help But Wonder
0%
20 years, we've wandered, but today you're not alone I Can't Help But Wonder
0%
Home, home I Can't Help But Wonder
0%
Home, home I Can't Help But Wonder
0%
If we all held each other with a bit more empathy I Can't Help But Wonder
0%
I can't help but feel like I led you astray I Can't Help But Wonder
0%
If that world exists, it's far away from here I Can't Help But Wonder
0%
You might live forever, so you can make it be I Can't Help But Wonder
0%
Very well I Can't Help But Wonder | God Games
0%
How could I hurt you? Just a Man
0%
Even after all the years away from what I've known Just a Man
0%
No, do not Keep Your Friends Close
0%
Everybody listen closely Keep Your Friends Close
0%
See how this bag is closed, that's how it's supposed to be Keep Your Friends Close
0%
This bag has the storm inside Keep Your Friends Close
0%
(Everything's changed since Polites, so) Keep Your Friends Close
0%
I remain unopposed, the bag is still closed Keep Your Friends Close
0%
(Telemachus) time for me to be the father I never was Keep Your Friends Close
0%
Why are my eyes, and my heart, and my soul so heavy? Keep Your Friends Close
0%
I keep on trying to embrace you both, why won't you let me? Keep Your Friends Close
0%
Odysseus of Ithaca! Keep Your Friends Close
0%
Keep your friends close and your enemies closer Keep Your Friends Close | Love in Paradise
0%
But boy, I wish I could, so I could bring the world some light Legendary
0%
I know life and fate are scary, but I wanna be l-l-l-legendary Legendary
0%
Dangerous too Legendary
0%
Can I do whatever it takes to keep my mom safe? Legendary
0%
If so, then Legendary
0%
(Oh-whoa-oh) Legendary
0%
And we still have no king Legendary
0%
Give me a chance, a single opportunity Legendary
0%
(Oh-whoa-oh) Legendary
0%
What'chu gonna do about it, champ? Legendary
0%
Let's see how you take this Little Wolf
0%
This cruel world doesn't give out presents just for being good, so Little Wolf
0%
Fight, little wolf, fight, little wolf, fight Little Wolf
0%
Flight, little wolf, flight? Little Wolf
0%
All because you had to Little Wolf
0%
Cause I suggest you fight back Little Wolf
0%
I don't know how Little Wolf
0%
Show them that you've got some Little Wolf
0%
Old friend Love in Paradise
0%
Song of past romance, I see the Love in Paradise
0%
We won't take more suffering from you Love in Paradise
0%
Drown in your sorrow and fears! Love in Paradise
0%
I have to see her Love in Paradise
0%
I swore that you were dead when you washed up on my isle Love in Paradise
0%
Did you know you talk in your sleep? Love in Paradise
0%
Soon into bed we'll climb and spend our time Love in Paradise
0%
From here on out you're mine, all mine Love in Paradise
0%
Not til the end of time, there is no way Love in Paradise
0%
You don't know what I've sacrificed Love in Paradise
0%
(This life is amazing when you greet it with open arms) Love in Paradise
0%
(Waiting, waiting) (whatever we face, we'll be fine if we're leading from the heart) Love in Paradise
0%
(How much longer til we all fall down?) Love in Paradise
0%
Oh-oh! (Greet the world with open arms, greet the world with open arms) Love in Paradise
0%
(You rely on wit) Love in Paradise
0%
He needs my help Love in Paradise
0%
We don't know for sure Luck Runs Out
0%
How many floating islands have you seen before? Luck Runs Out
0%
I'm gonna climb to the top and ask 'em for a hand Luck Runs Out
0%
How much longer 'til we all fall down? Luck Runs Out
0%
You rely on wit, and people die on it, whoa Luck Runs Out
0%
Where is this coming from, my friend? Luck Runs Out
0%
How much longer 'til the snake breaks free? Luck Runs Out
0%
How much longer 'til your strength takes leave? Luck Runs Out
0%
Do I need to change? Monster
0%
What if I'm the one who killed you every time I caved to guilt? Monster
0%
And deep down I know this well Monster
0%
I must get to see Penelope and Telemachus Monster
0%
So if we must sail through dangerous oceans and beaches Monster
0%
In an instant so we all don't die Monster
0%
Then I'll become the monster Monster
0%
Like none they've ever known Monster
0%
Telemachus Monster
0%
When we fought the cyclops, you were quick to hatch a plan Mutiny
0%
Odysseus, Odysseus, Odysseus Mutiny
0%
Now, the time has come, your luck's run out Mutiny
0%
Whoa-oh Mutiny
0%
Agh, my head Mutiny
0%
Don't know where it's from Mutiny
0%
But here's where we found all these cows to hunt Mutiny
0%
You know it's true Mutiny
0%
How much longer must I suffer now? (Please don't do this) Mutiny
0%
My life like this, when people die like this? Whoa-oh Mutiny
0%
How much longer must we go about (Eurylochus) Mutiny
0%
Captain? Mutiny | Survive | Thunder Bringer | Love in Paradise
0%
But I warned ya, and you failed the test My Goodbye
0%
Selfish and prideful and vain My Goodbye
0%
Unlike you, every time someone dies My Goodbye
0%
If I'll never sleep at night? My Goodbye
0%
This way, when all is done My Goodbye
0%
You're out of sight and out of mind My Goodbye
0%
While you're fighting to be known My Goodbye
0%
One day,you might understand My Goodbye
0%
(Oh, oh-oh-oh, oh-oh-oh) My Goodbye
0%
(Oh, oh-oh-oh, oh-oh-oh) My Goodbye
0%
I see past and future running free No Longer You
0%
There is a world where I help you get home No Longer You
0%
I see a song of past romance No Longer You
0%
I see your wife with a man who is haunting No Longer You
0%
I see you on the brink of death No Longer You
0%
I see you draw your final breath No Longer You
0%
What? No Longer You | Polyphemus | Storm | Ruthlessness | Different Beast
0%
For that, I'll say I was wrong Not Sorry For Loving You
0%
Let me speak Not Sorry For Loving You
0%
So when you washed ashore Not Sorry For Loving You
0%
Then I am sorry my love's too much for you (ooh) Not Sorry For Loving You
0%
(I'm not sorry for loving you) Not Sorry For Loving You
0%
(I'm not sorry for loving you) Not Sorry For Loving You
0%
I'm stuck in the moments I swore that we had Not Sorry For Loving You
0%
For once, I wish you would lie and say Not Sorry For Loving You
0%
You do? Not Sorry For Loving You
0%
How am I supposed to get over you? Not Sorry For Loving You
0%
In the heat of battle, at the edge of the unknown Odysseus
0%
Odysseus, Odysseus Odysseus
0%
Keep your heads down, he's aimin' for the torches Odysseus
0%
You've destroyed the serpent's head Odysseus
0%
So that no more blood is shed Odysseus
0%
Let's make the bastard rot (behind you) Odysseus
0%
Left the weapons room unlocked, and now they're ours to take Odysseus
0%
Brothers, come and arm yourselves, there's a chance for us to win Odysseus
0%
Make the king obey our command Odysseus
0%
You plotted to kill my son Odysseus
0%
Odysseus (oh, oh) Odysseus
0%
I can tell you're getting nervous, so do yourself a service Open Arms
0%
Think of all that we have been through Open Arms
0%
I know that you're tired of the war and bloodshed Open Arms
0%
Here we have a chance for some adjustment Open Arms
0%
Give it try, it's not that hard Open Arms
0%
(ooh-ooh-ooh) Open Arms
0%
I wish that I could say that I agree Open Arms
0%
That's what we'd get with open arms Open Arms
0%
(The cave! Scary cave) Open Arms
0%
I see in your face, there is so much guilt inside your heart Open Arms
0%
No matter the place, we can light up the world Open Arms | The Underworld
0%
Here's how to start Open Arms | The Underworld
0%
Hey there Polyphemus
0%
Time to drink Polyphemus
0%
Before I'm done Polyphemus
0%
Ah, I'd like to thank Polyphemus
0%
I'm so glad we see eye to eye Polyphemus
0%
Of that, I'm sure Puppeteer
0%
Where's the rest of your crew? Puppeteer
0%
Take a seat Puppeteer
0%
Let me bring you all something to eat Puppeteer
0%
She changed them Puppeteer
0%
There's no length I wouldn't go if it was you I had to save Puppeteer
0%
I can only hope you'd do the same Puppeteer
0%
(I don't know) Puppeteer
0%
I've got all the power, yeah, I've got all the power Puppeteer
0%
But captain, what'll we do with our fallen friends? Remember Them
0%
I need all our hands on his club Remember Them
0%
If we kill him, we'll be stuck inside Remember Them
0%
(Yes, sir!) Remember Them
0%
And our comrades will not die in vain Remember Them
0%
Don't go Remember Them
0%
Finish it, no Remember Them
0%
When mercy is a skill Remember Them
0%
When we met, I led with peace Remember Them
0%
But my comrades will not die in vain Remember Them
0%
Remember us Remember Them
0%
Remember me Remember Them | Ruthlessness | Love in Paradise
0%
Poseidon, Poseidon, Poseidon, Poseidon Ruthlessness
0%
Ourselves Ruthlessness
0%
For my son's pain and all his cries Ruthlessness
0%
We only hurt him to disarm him Ruthlessness
0%
The line between naïveté and hopefulness is almost invisible Ruthlessness
0%
Ruthlessness is mercy Ruthlessness
0%
Ruthlessness is mercy upon our- (Captain, Captain) Ruthlessness
0%
Ruthlessness is mercy upon our- (Captain, Captain) Ruthlessness
0%
Ruthlessness is - Ruthlessness
0%
What have you done? Ruthlessness
0%
Any last words? Ruthlessness
0%
No Ruthlessness | Full Speed Ahead | Suffering
0%
Ruthlessness is mercy upon ourselves Ruthlessness | Love in Paradise | Get in the Water
0%
Remember me Ruthlessness | Remember Them | Love in Paradise
0%
I've got a secret I can no longer keep Scylla
0%
There is no price we won't pay (forgive me) Scylla
0%
Full speed ahead (full speed) Scylla
0%
Hello Scylla
0%
We must do what it takes to survive Scylla
0%
Six hundred men (six hundred) Six Hundred Strike
0%
I can't afford to die Six Hundred Strike
0%
Six hundred men (six hundred) Six Hundred Strike
0%
Exactly Six Hundred Strike
0%
Wait, wait, ah! Six Hundred Strike
0%
Look what you turned me into Six Hundred Strike
0%
(You) you said the world was dark (monster) Six Hundred Strike
0%
Didn't you say that ruthlessness is mercy upon our- Six Hundred Strike
0%
Captain, we will capsize with these waves, our fleet will fail Storm
0%
Storm (storm) Storm
0%
Captain, look Storm
0%
Eurylochus, grab the harpoons Storm
0%
As many as you can find Storm
0%
We're gonna shoot for the sky Storm
0%
Storm (storm) Storm
0%
And let's watch our love leave the ground Suffering
0%
I will take the suffering from you Suffering
0%
Where am I supposed to go? Suffering
0%
I would take the suffering from you Suffering
0%
I will take the suffering from you Suffering
0%
No Suffering | Full Speed Ahead | Ruthlessness
0%
(Polyphemus) Survive
0%
Don't let him get close Survive
0%
Stand up and fight for your lives Survive
0%
Captain Survive
0%
Captain! Survive | Polyphemus | Full Speed Ahead | Remember Them
0%
They don't know that every night The Challenge
0%
Than allow them to think they've won The Challenge
0%
Just know I'll be here The Challenge
0%
Time is fleeting, it's running out The Challenge
0%
(Penelope) waiting, waiting The Challenge
0%
Oh The Challenge
0%
Waiting, waiting The Challenge | Would You Fall In Love With Me Again
0%
Alright, my brothers, listen closely The Horse and the Infant
0%
But now we'll be the ones who slay The Horse and the Infant
0%
Neo, avenge your father, kill the brothers of Hector (yes, sir!) The Horse and the Infant
0%
Ask yourself inside The Horse and the Infant
0%
Who was that? The Horse and the Infant
0%
Tell me how The Horse and the Infant
0%
Unlike anyone you have faced before The Horse and the Infant
0%
it's just a boy The Horse and the Infant
0%
Or send him far away from home (he'll find you wherever you roam) The Horse and the Infant
0%
Make sure his past is never known (the gods will make him know) The Horse and the Infant
0%
Down on my knees for ya The Horse and the Infant
0%
Please don't make me do this, don't make me do this The Horse and the Infant
0%
You have so much left to learn There Are Other Ways
0%
Oh, well, who's to say, with all the mistakes I've made (don't be afraid) There Are Other Ways
0%
But there's no puppet here There Are Other Ways
0%
There is the line never enough (I'm just a man) There Are Other Ways
0%
So much power, so much power (forgive me) There Are Other Ways
0%
And she's all my power, all my power There Are Other Ways
0%
Problem is this prophet is dead There Are Other Ways
0%
Maybe showing one act of kindness There Are Other Ways
0%
Leads to kinder souls down the road There Are Other Ways
0%
No matter what we hear The Underworld
0%
So no matter who we find The Underworld
0%
Nothing's what it seems (Nothing's what it seems) The Underworld
0%
But here in the Underworld, the past seems close behind The Underworld
0%
Waiting The Underworld
0%
Can't you see? (Waiting) I'm waiting The Underworld
0%
Here's how to start The Underworld | Open Arms
0%
If I were to make him choose Thunder Bringer
0%
And suffer a gruesome fate to the Thunder Bringer
0%
Time, for you have passed your prime Thunder Bringer
0%
And you have got the final say Thunder Bringer
0%
You? Thunder Bringer
0%
For true nature will be revealed Thunder Bringer
0%
Show her I'm the judgement call Thunder Bringer | God Games
0%
This is not you Warrior of the Mind
0%
Let me remind you Warrior of the Mind
0%
Master of war Warrior of the Mind
0%
My life has one mission Warrior of the Mind
0%
And we'll make a greater tomorrow Warrior of the Mind
0%
He is a warrior of the mind Warrior of the Mind
0%
I know you're watching me Warrior of the Mind
0%
How can you see through my spell? Warrior of the Mind
0%
You first and maybe I'll do the same Warrior of the Mind
0%
So let's be honest, you are Athena (Athena) Warrior of the Mind
0%
Sounds like a plan, goddess and man, bestest of friends Warrior of the Mind
0%
Maybe one day they'll follow me Warrior of the Mind
0%
Don't disappoint me Warrior of the Mind
0%
Show yourself Warrior of the Mind | I Can't Help But Wonder
0%
Maybe if I'd made a different call We'll Be Fine
0%
Maybe if I help another soul We'll Be Fine
0%
A foe like Circe is not to be messed with Wouldn't You Like
0%
Someone who's not afraid to send a message Wouldn't You Like
0%
Deep in the night, the fight lasts for hours Wouldn't You Like
0%
You can be hurt or you can beat her Wouldn't You Like
0%
Deep in the night, the fight lasts for hours Wouldn't You Like
0%
Deep in the night, the fight can be tragic Wouldn't You Like
0%
Is it really you standing there, or am I dreaming once more? Would You Fall In Love With Me Again
0%
I am not the man you fell in love with Would You Fall In Love With Me Again
0%
I am not the man you once adored Would You Fall In Love With Me Again
0%
If you knew all I've done? Would You Fall In Love With Me Again
0%
So tell me Would You Fall In Love With Me Again
0%
If you knew all I've done? Would You Fall In Love With Me Again
0%
So I guess that makes him you Would You Fall In Love With Me Again
0%
Waiting, oh Would You Fall In Love With Me Again
0%
For you Would You Fall In Love With Me Again
0%
No matching quizzes found
Score Distribution
Percent of People with Each Score
Percentile by Number Answered
Your Score History
You have not taken this quiz since the last reset